All Cities on a Map by Letter - T - Statistics

General Stats
  • This quiz has been taken 18 times
  • The average score is 71 of 2488
Answers on the Map
Answers color-coded by a green-red scale on the quiz's map according to % correct below.
 
Answer Stats
Country City population City % Correct
Philippines 61460 Taal
86%
Italy 188098 Taranto
86%
Japan 37785000 Tokyo
86%
Colombia 16394 Toro
86%
Canada 5647656 Toronto
86%
Uzbekistan 3095498 Tashkent
79%
Iran 14148000 Tehran
79%
United States 2906035 Tampa
71%
Honduras 96758 Tela
71%
Italy 118046 Trento
71%
Philippines 54492 Trento
71%
Italy 12971 Turi
71%
Italy 841600 Turin
71%
El Salvador 11829 Turín
71%
Taiwan 2494813 Taipei
64%
Estonia 638076 Tallinn
64%
Georgia 1118035 Tbilisi
64%
Greece 802572 Thessaloníki
64%
Mexico 2002000 Tijuana
64%
United States 492076 Toledo
64%
Philippines 207314 Toledo
64%
Brazil 150470 Toledo
64%
Spain 86526 Toledo
64%
Colombia 17283 Toledo
64%
France 511684 Toulouse
64%
Libya 1183000 Tripoli
64%
Lebanon 227857 Tripoli
64%
Greece 30383 Trípoli
64%
India 254425 Tuni
64%
Tunisia 599368 Tunis
64%
United States 261271 Tallahassee
57%
Georgia 19509 Telavi
57%
China 10368000 Tianjin
57%
Iran 15673 Tīrān
57%
Albania 418495 Tirana
57%
Poland 198273 Toruń
57%
France 15570 Toul
57%
Niger 8785 Toulou
57%
Norway 38980 Tromsø
57%
Norway 212660 Trondheim
57%
United States 220482 Tacoma
50%
Morocco 1275428 Tangier
50%
Honduras 1157509 Tegucigalpa
50%
Mexico 2476689 Toluca
50%
United States 150343 Topeka
50%
United States 879871 Tucson
50%
Japan 147252 Tama
43%
Japan 56431 Tama
43%
Finland 334112 Tampere
43%
Russia 27146 Tara
43%
Colombia 10957 Tarrá
43%
France 138668 Tours
43%
United States 740620 Tulsa
43%
Morocco 20147 Tahla
36%
Mexico 80365 Tala
36%
Egypt 413839 Talā
36%
India 9055 Tāla
36%
India 10651 Teus
36%
Switzerland 43734 Thun
36%
Canada 108843 Thunder Bay
36%
Netherlands 1944588 Tilburg
36%
Mali 35330 Timbuktu
36%
France 180834 Toulon
36%
Italy 198417 Trieste
36%
Russia 466609 Tula
36%
Finland 202250 Turku
36%
Iran 1558693 Tabrīz
29%
Taiwan 1856642 Tainan
29%
Thailand 20290 Tak
29%
Japan 19095 Taka
29%
Estonia 97435 Tartu
29%
Canada 10033 Tay
29%
United States 54159 Texas City
29%
Mexico 66001 Torreón
29%
Australia 173724 Townsville
29%
United States 362501 Trenton
29%
United States 18242 Trenton
29%
United States 13304 Trenton
29%
Germany 112737 Trier
29%
Slovakia 63803 Trnava
29%
Peru 935147 Trujillo
29%
Venezuela 110920 Trujillo
29%
Honduras 60558 Trujillo
29%
Colombia 18142 Trujillo
29%
Spain 8619 Trujillo
29%
Taiwan 2850285 Taichung
21%
Italy 10471 Taormina
21%
India 11965 Tāran
21%
Mexico 29068 Teapa
21%
United Kingdom 142723 Telford
21%
United States 110404 Temecula
21%
Brazil 868075 Teresina
21%
Netherlands 548320 The Hague
21%
Romania 250849 Timişoara
21%
Moldova 133807 Tiraspol
21%
Burkina Faso 15851 Toma
21%
Slovakia 54740 Trenčín
21%
Bolivia 130657 Trinidad
21%
Cuba 76500 Trinidad
21%
Philippines 35119 Trinidad
21%
Uruguay 21429 Trinidad
21%
Colombia 11734 Trinidad
21%
United States 87307 Troy
21%
United States 51054 Troy
21%
United States 26716 Troy
21%
United States 17733 Troy
21%
United States 13467 Troy
21%
United States 10889 Troy
21%
Canada 23583 Truro
21%
United Kingdom 21555 Truro
21%
United States 166253 Tuscaloosa
21%
Russia 861100 Tyumen
21%
Philippines 18786 Taft
14%
Iran 18464 Taft
14%
China 3875053 Taiyuan
14%
India 11997 Talen
14%
United States 15041 Talladega
14%
Algeria 92635 Tamanrasset
14%
Pakistan 18956 Tamman
14%
United Kingdom 60479 Taunton
14%
United States 59719 Taunton
14%
United States 62405 Taylor
14%
United States 16767 Taylor
14%
United States 23686 Taylors
14%
United States 59010 Taylorsville
14%
Turkey 186421 Tekirdağ
14%
Ghana 161612 Tema
14%
United States 186419 Tempe
14%
United States 123932 Temple
14%
Colombia 14320 Tenerife
14%
Mozambique 152909 Tete
14%
North Macedonia 63176 Tetovo
14%
United States 78541 Texarkana
14%
United States 29343 Texarkana
14%
India 42351 Thān
14%
Bhutan 114551 Thimphu
14%
India 743691 Thiruvananthapuram
14%
United States 16614 Thompson
14%
Canada 13035 Thompson
14%
India 877778 Tiruppūr
14%
Mexico 664193 Tlaquepaque
14%
Mexico 14692 Tlaxcala
14%
Madagascar 225116 Toamasina
14%
Libya 135832 Tobruk
14%
Japan 25658 Tōin
14%
Spain 8511 Tona
14%
Australia 108398 Toowoomba
14%
India 18093 Tora
14%
Finland 21018 Tornio
14%
United Kingdom 48563 Torquay
14%
Australia 13258 Torquay
14%
United States 143499 Torrance
14%
Faroe Islands 13326 Tórshavn
14%
Senegal 529176 Touba
14%
Côte d’Ivoire 55013 Touba
14%
Japan 422106 Toyota
14%
United States 95358 Tracy
14%
Italy 55559 Trapani
14%
United States 15491 Traverse City
14%
Italy 84607 Treviso
14%
United States 19296 Trinity
14%
Canada 139163 Trois-Rivières
14%
United States 69984 Tulare
14%
United States 79035 Tustin
14%
Finland 41475 Tuusula
14%
Mexico 578830 Tuxtla
14%
Turkey 288878 Tuzla
14%
Bosnia and Herzegovina 110979 Tuzla
14%
Russia 424969 Tver
14%
United States 131037 Tyler
14%
Lebanon 60000 Tyre
14%
Iran 39676 Ţabas
7%
Canada 11916 Taché
7%
China 158098 Tacheng
7%
Japan 181115 Tachikawa
7%
Peru 286240 Tacna
7%
Russia 241557 Taganrog
7%
Philippines 39831 Tago
7%
Japan 59015 Tahara
7%
Japan 211444 Taitō
7%
China 4512762 Taizhou
7%
China 2162461 Taizhou
7%
Yemen 458789 Ta‘izz
7%
Japan 27522 Takahagi
7%
Japan 417814 Takamatsu
7%
Japan 165880 Takaoka
7%
Japan 372639 Takasaki
7%
Japan 85199 Takayama
7%
Japan 14160 Taki
7%
India 38263 Tāki
7%
Japan 39266 Takikawa
7%
Japan 13804 Tako
7%
United States 17522 Takoma Park
7%
Turkey 169214 Talas
7%
Kyrgyzstan 40308 Talas
7%
Philippines 132338 Talavera
7%
Spain 83477 Talavera de la Reina
7%
Chile 206069 Talca
7%
Kazakhstan 80000 Taldyqorghan
7%
United States 18394 Tallmadge
7%
India 14081 Tamār
7%
United States 71887 Tamarac
7%
Philippines 26928 Tambo
7%
Russia 289701 Tambov
7%
Burma 42549 Tamu
7%
Japan 34921 Tamura
7%
United Kingdom 73924 Tamworth
7%
Australia 180 Tamworth
7%
Japan 68986 Tanabe
7%
Korea, North 345875 Tanch’ŏn
7%
China 3399231 Tangshan
7%
India 24970 Tapa
7%
Kiribati 28802 Tarawa
7%
Kazakhstan 357795 Taraz
7%
United States 10705 Tarboro
7%
Australia 16197 Taree
7%
Bulgaria 57264 Targovishte
7%
Romania 66965 Târgovişte
7%
Poland 44901 Tarnobrzeg
7%
Poland 106259 Tarnów
7%
Spain 141151 Tarragona
7%
Philippines 26996 Tarragona
7%
Turkey 350732 Tarsus
7%
Syria 89457 Ţarţūs
7%
Greenland 1985 Tasiilaq
7%
Japan 44865 Tateyama
7%
Japan 24996 Tateyama
7%
Japan 18503 Tatsuno
7%
Germany 18176 Taufkirchen
7%
Germany 10812 Taufkirchen
7%
Germany 30820 Taunusstein
7%
Lithuania 21416 Tauragė
7%
New Zealand 151300 Tauranga
7%
Turkey 41712 Tavas
7%
United States 11149 Taylorville
7%
Morocco 148406 Taza
7%
Morocco 29895 Taza
7%
Ghana 104212 Techiman
7%
United Kingdom 10562 Teddington
7%
United States 13267 Tega Cay
7%
Spain 102769 Telde
7%
United States 35749 Temple City
7%
United States 26922 Temple Terrace
7%
Ecuador 29724 Tena
7%
Colombia 8941 Tena
7%
Turkey 71092 Terme
7%
Ukraine 225004 Ternopil
7%
Brazil 8920 Terra Nova
7%
United States 78940 Terre Haute
7%
United States 19019 Terrell
7%
Bulgaria 21374 Teteven
7%
United States 31168 Tewksbury
7%
Vietnam 850000 Thanh Hóa
7%
Greece 20038 Thebes
7%
United States 44916 The Colony
7%
United States 15973 The Dalles
7%
United States 116916 The Woodlands
7%
United States 15792 Thibodaux
7%
France 42778 Thionville
7%
United States 27261 Thomasville
7%
United States 18720 Thomasville
7%
United States 142878 Thornton
7%
United Kingdom 17276 Thornton
7%
United States 208302 Thousand Oaks
7%
Spain 9305 Tiana
7%
Colombia 37286 Tibú
7%
Haiti 21170 Tiburon
7%
United States 9035 Tiburon
7%
Netherlands 41920 Tiel
7%
Belgium 36581 Tienen
7%
United States 17814 Tiffin
7%
United States 17140 Tifton
7%
United States 55395 Tigard
7%
Argentina 64867 Tigre
7%
Iraq 105700 Tikrīt
7%
Russia 5700 Tiksi
7%
Canada 41145 Timmins
7%
United States 55007 Tinley Park
7%
India 10002 Tiri
7%
Romania 9291 Titu
7%
United States 49004 Titusville
7%
Italy 54916 Tivoli
7%
Philippines 56444 Tiwi
7%
Algeria 10915 Tizi
7%
Algeria 135088 Tizi Ouzou
7%
Mexico 653410 Tlalnepantla
7%
Algeria 72200 Tlemcen
7%
Japan 17741 Toba
7%
Japan 20290 Tobe
7%
Japan 15618 Tōbetsu
7%
Japan 153508 Tochigi
7%
Japan 142352 Toda
7%
Japan 57560 Tōgane
7%
Japan 44109 Tōgō
7%
Japan 254510 Tokushima
7%
Nicaragua 22012 Tola
7%
China 28378 Toli
7%
Madagascar 168756 Toliara
7%
Russia 667956 Tolyatti
7%
Japan 170223 Tomakomai
7%
United States 13032 Tomball
7%
Japan 29213 Tōmi
7%
Japan 64850 Tomigusuku
7%
Russia 545391 Tomsk
7%
United States 15044 Tonawanda
7%
Belgium 31142 Tongeren
7%
United States 37265 Tooele
7%
United States 8781 Topanga
7%
Bulgaria 11681 Topolovgrad
7%
United States 9644 Topsham
7%
Germany 19683 Torgau
7%
Brazil 41751 Tôrres
7%
United States 35481 Torrington
7%
Japan 25665 Tosa
7%
Benin 101870 Tota
7%
United Kingdom 129237 Tottenham
7%
Canada 9609 Tottenham
7%
France 99160 Tourcoing
7%
Belgium 69554 Tournai
7%
United States 11605 Town and Country
7%
Japan 413028 Toyama
7%
Japan 371507 Toyohashi
7%
Japan 183930 Toyokawa
7%
Japan 399263 Toyonaka
7%
Turkey 293661 Trabzon
7%
Austria 24477 Traun
7%
Germany 21551 Traunstein
7%
Liechtenstein 5275 Triesen
7%
Greece 61608 Tríkala
7%
Ireland 9000 Trim
7%
United States 23041 Trotwood
7%
United States 16000 Troutdale
7%
Bulgaria 19984 Troyan
7%
France 62443 Troyes
7%
United States 26182 Trussville
7%
Bulgaria 9813 Tsarevo
7%
Georgia 32699 Tskhinvali
7%
Japan 273267 Tsu
7%
Japan 77382 Tsubame
7%
Japan 142181 Tsuchiura
7%
Japan 30193 Tsuru
7%
Japan 66123 Tsuruga
7%
Japan 121371 Tsuruoka
7%
Japan 60908 Tsushima
7%
Japan 28456 Tsushima
7%
Japan 97507 Tsuyama
7%
Malaysia 128200 Tuaran
7%
Germany 93615 Tübingen
7%
United States 37022 Tucker
7%
Romania 65624 Tulcea
7%
China 121000 Tumen
7%
United States 26519 Tumwater
7%
Kyrgyzstan 12355 Tüp
7%
United States 37825 Tupelo
7%
India 74858 Tura
7%
Russia 5444 Tura
7%
Turkmenistan 230861 Türkmenabat
7%
United States 79394 Turlock
7%
Romania 19597 Turnu Măgurele
7%
United States 9070 Tuskegee
7%
Bulgaria 8877 Tutrakan
7%
Philippines 46519 Tuy
7%
Australia 8176 Tweed Heads
7%
United States 28738 Twentynine Palms
7%
United States 53219 Twin Falls
7%
Germany 9751 Twist
7%
United States 11224 Two Rivers
7%
Poland 124882 Tychy
7%
Denmark 36193 Taastrup
0%
Philippines 140961 Tabaco
0%
Philippines 33868 Tabango
0%
Morocco 16401 Tabant
0%
Brazil 11323 Tabapuã
0%
Dominican Republic 17647 Tábara Arriba
0%
Tunisia 22119 Tabarka
0%
Haiti 130283 Tabarre
0%
Brazil 67182 Tabatinga
0%
Brazil 14769 Tabatinga
0%
Canada 8978 Taber
0%
Spain 9635 Tabernes Blanques
0%
Spain 17631 Tabernes de Valldigna
0%
India 15084 Tabhka Khās
0%
Philippines 25734 Tabina
0%
Colombia 29731 Tabio
0%
Brazil 27681 Tabira
0%
Algeria 28276 Tablat
0%
Togo 36961 Tabligbo
0%
Brazil 273542 Taboão da Serra
0%
Brazil 11979 Tabocas do Brejo Velho
0%
Philippines 41432 Tabogon
0%
Philippines 11902 Tabontabon
0%
Slovenia 1669 Tabor
0%
Czechia 34370 Tábor
0%
Tanzania 308741 Tabora
0%
Morocco 37465 Tabount
0%
Portugal 12071 Tábua
0%
Papua New Guinea 10270 Tabubil
0%
Philippines 28907 Tabuelan
0%
Philippines 121033 Tabuk
0%
Philippines 30000 Tabuk
0%
Saudi Arabia 886036 Tabūk
0%
Brazil 30652 Tabuleiro do Norte
0%
Tunisia 21022 Tabursuq
0%
Japan 14515 Tabuse
0%
Sweden 65364 Täby
0%
Brazil 13738 Tacaimbó
0%
Mexico 76661 Tacámbaro de Codallos
0%
Guatemala 82079 Tacaná
0%
Brazil 23902 Tacaratu
0%
Japan 16065 Tachiarai
0%
Burma 51553 Tachilek
0%
Czechia 14468 Tachov
0%
Philippines 251881 Tacloban
0%
Guatemala 41930 Tactic
0%
Uruguay 54755 Tacuarembó
0%
El Salvador 31209 Tacuba
0%
Philippines 109319 Tacurong
0%
Brazil 10808 Tacuru
0%
India 9360 Tadangam
0%
Japan 16628 Tadaoka-higashi
0%
India 11551 Tadapurambākkam
0%
India 20000 Tadas
0%
India 64149 Tādepalle
0%
India 11081 Tādepalle
0%
India 104032 Tādepallegūdem
0%
India 9617 Tadhwa Nandpur
0%
Philippines 19341 Tadian
0%
Syria 41786 Tādif
0%
India 17090 Tādigadapa
0%
India 16235 Tadikalapūdi
0%
India 21226 Tādikombu
0%
India 18505 Tādikonda
0%
India 8548 Tādināda
0%
India 9875 Tādiparti
0%
Algeria 41833 Tadjenanet
0%
Algeria 24320 Tadjmout
0%
Djibouti 14820 Tadjourah
0%
Morocco 9043 Tadla
0%
United Kingdom 11718 Tadley
0%
Algeria 22838 Tadmaït
0%
Syria 51323 Tadmur
0%
Colombia 18906 Tadó
0%
Japan 22813 Tadotsu
0%
India 108171 Tādpatri
0%
United Kingdom 9522 Tadworth
0%
Korea, South 46715 Taebaek
0%
Korea, North 1884 Taedong
0%
Spain 10778 Tafalla
0%
Algeria 11600 Tafaraoui
0%
Syria 32236 Ţafas
0%
China 150800 Tafeng
0%
Argentina 39601 Tafí Viejo
0%
Ghana 60919 Tafo
0%
Morocco 13217 Tafrant
0%
Iran 16493 Tafresh
0%
Syria 8540 Taftanāz
0%
Japan 61937 Tagajō
0%
Morocco 16412 Tagalft
0%
Japan 11200 Tagami
0%
Philippines 17323 Tagana-an
0%
Philippines 8805 Tagapul-an
0%
Philippines 85330 Tagaytay
0%
India 15951 Tagazhi
0%
Philippines 104976 Tagbilaran City
0%
Philippines 41051 Tagbina
0%
Italy 13760 Taggia
0%
Morocco 9176 Taghbalt
0%
Philippines 54003 Tagkawayan
0%
Italy 13731 Taglio
0%
Philippines 80319 Tagoloan
0%
Philippines 15091 Tagoloan
0%
Philippines 12602 Tagoloan
0%
Morocco 15122 Tagounite
0%
Brazil 12669 Taguaí
0%
Cuba 32968 Taguasco
0%
Brazil 14011 Taguatinga
0%
Philippines 41538 Tagudin
0%
Philippines 886722 Taguig City
0%
Philippines 296202 Tagum
0%
Morocco 12102 Tahannawt
0%
Algeria 78500 Taher
0%
United States 16513 Tahlequah
0%
Niger 117826 Tahoua
0%
Indonesia 35307 Tahuna
0%
China 5472217 Tai’an
0%
Taiwan 38696 Taibao
0%
Algeria 20174 Taïbet
0%
China 13019 Taichang
0%
China 40145 Taicheng
0%
China 732380 Taihe
0%
China 189938 Taihe
0%
China 689611 Taihecun
0%
China 75992 Tailai
0%
Japan 15699 Taima
0%
Taiwan 10723 Taimali
0%
Japan 28004 Tainai
0%
Morocco 10411 Taïneste
0%
Brazil 16257 Taió
0%
Brazil 33050 Taiobeiras
0%
Malaysia 245182 Taiping
0%
Philippines 31040 Tairan Camp
0%
India 9394 Taisar
0%
Japan 16262 Taishachō-kizukikita
0%
China 907744 Taishan
0%
China 85697 Taishan Houcun
0%
China 208589 Taisheng
0%
Japan 33321 Taishi
0%
Japan 13092 Taishi
0%
China 22388 Taishituncun
0%
Taiwan 103260 Taitung
0%
Japan 28307 Taiwa
0%
Taiwan 22077 Taixi
0%
China 990200 Taixing
0%
China 23979 Taiyangxi
0%
Kazakhstan 12418 Taiynsha
0%
China 13987 Taiyong
0%
India 10043 Taiyūr
0%
Libya 1496 Tajarhī
0%
Tunisia 19362 Tajerouine
0%
Japan 106746 Tajimi
0%
India 9036 Tājpur
0%
Iran 86000 Tajrīsh
0%
Guatemala 63405 Tajumulco
0%
Libya 48836 Tājūrā’
0%
Iran 43702 Takāb
0%
Kenya 21474 Takaba
0%
Morocco 9993 Takad Sahel
0%
Japan 48685 Takahama
0%
Japan 10047 Takahama
0%
Japan 8511 Takaharu
0%
Japan 28825 Takahashi
0%
Japan 22242 Takahata
0%
Japan 55910 Takaishi
0%
Japan 12650 Takamori
0%
Japan 20030 Takanabe
0%
Japan 29123 Takanezawa
0%
Japan 221846 Takarazuka
0%
Japan 86888 Takasagochō-takasemachi
0%
Japan 46246 Takashima
0%
Japan 347496 Takatsuki
0%
Thailand 17317 Tak Bai
0%
Japan 23350 Takehara
0%
Tunisia 24109 Takelsa
0%
Cambodia 52000 Takeo
0%
Japan 47136 Takeochō-takeo
0%
Algeria 14000 Takerbouzt
0%
Iran 80299 Tākestān
0%
Japan 19688 Taketa
0%
Japan 43095 Taketoyo
0%
India 10969 Tākha
0%
India 16729 Takhatgarh
0%
Algeria 34124 Takhemaret
0%
Thailand 24563 Takhli
0%
Cambodia 75000 Ta Khmau
0%
Niger 8554 Takiéta
0%
Japan 56050 Takizawa
0%
India 9336 Takkali
0%
India 13078 Takkolam
0%
Benin 10424 Takon
0%
Benin 8811 Takouta
0%
Russia 10359 Taksimo
0%
Japan 18215 Taku
0%
Thailand 8815 Takua Pa
0%
Belarus 9666 Talachyn
0%
Philippines 39678 Talacogon
0%
Pakistan 64083 Talagang
0%
Chile 56990 Talagante
0%
Philippines 45540 Talagutong
0%
Colombia 11350 Talaigua Nuevo
0%
India 15358 Talaināyar Agrahāram
0%
India 136026 Talaivāsal
0%
India 26667 Talāja
0%
India 11671 Talakād
0%
Philippines 77027 Talakag
0%
India 30577 Talakkād
0%
India 8535 Tālakulam
0%
Pakistan 70000 Talamba
0%
Honduras 34997 Talanga
0%
France 11986 Talant
0%
India 9656 Talapalli
0%
Peru 99600 Talara
0%
Madagascar 15000 Talata Ampano
0%
Madagascar 9240 Talata-Angavo
0%
Madagascar 44082 Talata-maty
0%
Madagascar 14000 Talata-Vohimena
0%
Madagascar 18314 Talata-Volonondry
0%
Angola 500000 Talatona
0%
India 9581 Tālavādi
0%
Philippines 34156 Talayan
0%
India 20171 Talayāzham
0%
Algeria 20337 Tala Yfassene
0%
India 22571 Talayolaparambu
0%
India 14176 Tālbahat
0%
Chile 161692 Talcahuano
0%
India 40841 Tālcher
0%
India 56435 Talegaon Dābhāde
0%
India 13410 Talegaon Dhamdhere
0%
France 45869 Talence
0%
India 8971 Talevad
0%
Kazakhstan 47301 Talghar
0%
Pakistan 172014 Talhar
0%
Philippines 71272 Talibon
0%
India 26217 Tālīkota
0%
Philippines 100088 Talipao
0%
India 44247 Talipparamba
0%
Philippines 263048 Talisay
0%
Philippines 108909 Talisay
0%
Philippines 46238 Talisay
0%
Philippines 27244 Talisay
0%
Philippines 25761 Talisayan
0%
Philippines 17463 Talitay
0%
Russia 14547 Talitsa
0%
Indonesia 57540 Taliwang
0%
Egypt 413584 Ţalkhā
0%
Iran 9924 Ţālkhvoncheh
0%
Syria 14825 Tall Abyaḑ
0%
Iraq 80000 Tall ‘Afar
0%
Ireland 81022 Tallaght
0%
Syria 17767 Tall ‘Aran
0%
Iraq 14000 Tall Banāt
0%
Syria 45853 Tallbīsah
0%
Syria 12055 Tall Dhahab
0%
Uzbekistan 10800 Tallimarjon Shahri
0%
Syria 35445 Tallkalakh
0%
Iraq 18000 Tall Qaşab
0%
Syria 27086 Tall Rif‘at
0%
Syria 35000 Tall Salḩab
0%
Syria 25000 Tall Shihāb
0%
Ukraine 12839 Talne
0%
El Salvador 9160 Talnique
0%
India 36000 Taloda
0%
Mexico 14997 Talpa de Allende
0%
Latvia 8649 Talsi
0%
Morocco 18806 Talsint
0%
India 10680 Tālsur
0%
Chile 12100 Taltal
0%
India 10096 Talugai
0%
Philippines 25236 Talugtug
0%
India 40884 Talukkara
0%
India 11213 Talupula
0%
Afghanistan 258758 Tāluqān
0%
Philippines 27873 Talusan
0%
India 17285 Talwandi Bhai
0%
India 8536 Talwandi Chaudhriān
0%
India 22115 Talwandi Sābo
0%
India 29797 Talwāra
0%
Morocco 12396 Talwat
0%
India 14574 Talya
0%
Japan 45946 Tamagawa
0%
Guatemala 24444 Tamahú
0%
Japan 15113 Tamaki
0%
Colombia 13862 Tamalameque
0%
Ghana 1095808 Tamale
0%
Morocco 20528 Tamallalt
0%
Algeria 51262 Tamalous
0%
United States 12153 Tamalpais-Homestead Valley
0%
Japan 36041 Tamamura
0%
Japan 62784 Tamana
0%
Morocco 11617 Tamanar
0%
Brazil 23561 Tamandaré
0%
Mali 14858 Tamani
0%
El Salvador 13544 Tamanique
0%
Malaysia 66000 Taman Johor Jaya
0%
Malaysia 67440 Taman Senai
0%
India 13716 Tāmaraikkulam
0%
India 14188 Tamarakulam
0%
India 26438 Tāmarakulam
0%
Brazil 10707 Tamarana
0%
India 10530 Tāmarankottai
0%
Dominican Republic 26772 Tamayo
0%
Morocco 11216 Tamazouzt
0%
Mexico 96820 Tamazunchale
0%
Japan 60824 Tamba
0%
India 11258 Tāmba
0%
Senegal 78800 Tambacounda
0%
Mali 11152 Tambaga
0%
India 182071 Tambaram
0%
Japan 39245 Tamba-Sasayama
0%
Brazil 21435 Tambaú
0%
Brazil 34935 També
0%
Indonesia 35790 Tambolaka
0%
Dominican Republic 51695 Tamboril
0%
Brazil 24815 Tamboril
0%
Philippines 37480 Tambulig
0%
South Sudan 9500 Tambura
0%
Vietnam 104175 Tam Điệp
0%
Colombia 53266 Tame
0%
Algeria 9481 Tamentit
0%
Colombia 15218 Támesis
0%
Morocco 40283 Tameslouht
0%
Morocco 10953 Tamezmout
0%
India 8830 Tāmganj
0%
Morocco 19207 Tamgrout
0%
Vietnam 35747 Tam Hiệp
0%
Mexico 23120 Tamiahua
0%
United States 51201 Tamiami
0%
Indonesia 10780 Tamiang Layang
0%
Philippines 24680 Tamilisan
0%
Colombia 21985 Taminango
0%
Vietnam 122374 Tam Kỳ
0%
India 65306 Tamlūk
0%
Germany 12726 Tamm
0%
India 35804 Tammampatti
0%
Morocco 24258 Tamorot
0%
Philippines 41018 Tampakan
0%
Mexico 13760 Tampamolón Corona
0%
Philippines 32074 Tamparan
0%
Mexico 297284 Tampico
0%
Madagascar 10000 Tamponala
0%
Israel 34000 Tamra
0%
Morocco 19790 Tamri
0%
Morocco 12610 Tamsaout
0%
Mexico 35446 Tamuín
0%
Algeria 8580 Tamza
0%
Algeria 9944 Tamzoura
0%
Brazil 25265 Tanabi
0%
Japan 13264 Tanagura
0%
United States 9738 Tanaina
0%
India 11908 Tanakallu
0%
India 12867 Tanakkangulam
0%
India 15810 Tanakpur
0%
Madagascar 10000 Tanamarina
0%
Madagascar 9235 Tanamarina-Sakay
0%
Madagascar 10000 Tanambao-Daoud
0%
Madagascar 19000 Tanambe
0%
Vietnam 618984 Tân An
0%
Vietnam 215250 Tân An
0%
Morocco 10891 Tanant
0%
Japan 78165 Tanashichō
0%
Philippines 193936 Tanauan
0%
Philippines 57455 Tanauan
0%
Philippines 139420 Tanay
0%
Japan 19046 Tanbaichichō
0%
China 447487 Tanbei
0%
Vietnam 141211 Tân Châu
0%
Mexico 31100 Tancítaro
0%
Philippines 62669 Tandag
0%
India 9366 Tandarāmpattu
0%
Argentina 400 Tandil
0%
Pakistan 133487 Tando Allahyar
0%
Pakistan 114406 Tando Muhammad Khan
0%
Madagascar 9000 Tandrano
0%
Philippines 34316 Tandubas
0%
India 71108 Tāndūr
0%
India 95516 Tandwa
0%
Japan 13449 Taneichi
0%
Tanzania 393429 Tanga
0%
Bangladesh 392300 Tāngāil
0%
Madagascar 16000 Tangainony
0%
Philippines 23704 Tangalan
0%
Sri Lanka 72500 Tangalla
0%
Mexico 35256 Tangancícuaro de Arista
0%
China 19335 Tangbian
0%
China 24041 Tangcun
0%
China 322990 Tangdong
0%
China 45617 Tangdukou
0%
Indonesia 2237006 Tangerang
0%
Germany 10516 Tangerhütte
0%
Germany 10228 Tangermünde
0%
China 10214 Tanggemu Nongchang
0%
Burkina Faso 43675 Tanghin-Dassouri
0%
China 109152 Tangjia
0%
China 90000 Tangjia
0%
China 44684 Tangjiacun
0%
Korea, South 171213 Tangjin
0%
Malaysia 52014 Tangkak
0%
China 28718 Tanglou
0%
China 39302 Tangpingcun
0%
Brazil 31086 Tanguá
0%
Philippines 68389 Tangub
0%
Benin 74675 Tanguiéta
0%
India 27652 Tangutūru
0%
China 86862 Tangxing
0%
Brazil 21006 Tanhaçu
0%
Mexico 15176 Tanhuato de Guerrero
0%
India 9857 Tanichchiyam
0%
India 10863 Tanippādi
0%
Japan 42683 Taniyama-chūō
0%
Philippines 82642 Tanjay
0%
Madagascar 50373 Tanjombato
0%
India 222943 Tanjore
0%
Indonesia 165763 Tanjungbalai
0%
Indonesia 223450 Tanjung Morawa
0%
Indonesia 103062 Tanjungpandan
0%
Indonesia 203008 Tanjungpinang
0%
Indonesia 63588 Tanjung Selor
0%
Pakistan 44996 Tank
0%
Philippines 16075 Tankal
0%
India 18000 Tankāra
0%
Aruba 21495 Tanki Leendert
0%
China 31322 Tanmen
0%
Benin 8560 Tanmpègré
0%
Vietnam 20603 Tân Phong
0%
Vietnam 161000 Tân Phú
0%
Vietnam 62778 Tân Phước Khánh
0%
Brazil 17158 Tanque Novo
0%
United States 15531 Tanque Verde
0%
India 9975 Tansandra
0%
Vietnam 9966 Tân Sơn
0%
Egypt 253600 Ţanţā
0%
Morocco 45821 Tan-Tan
0%
Philippines 45744 Tantangan
0%
Benin 16625 Tantéga
0%
China 28718 Tantoucun
0%
Mexico 23893 Tantoyuca
0%
Philippines 8746 Tanudan
0%
India 77962 Tanuku
0%
Vietnam 466053 Tân Uyên
0%
Vietnam 14086 Tân Vạn
0%
China 41181 Tanxia
0%
Philippines 312116 Tanza
0%
China 16378 Taohongpozhen
0%
China 86800 Taohuajiang
0%
Mali 3019 Taoudenni
0%
Algeria 27574 Taougrite
0%
Morocco 9362 Taouloukoult
0%
Morocco 39114 Taounate
0%
Morocco 321876 Taourirt
0%
Morocco 9360 Taouz
0%
China 109300 Taoyang
0%
Taiwan 443273 Taoyuan District
0%
China 499132 Taozhou
0%
China 30595 Taozhuangcun
0%
Mexico 217550 Tapachula
0%
Indonesia 22352 Tapaktuan
0%
Philippines 54423 Tapas
0%
Brazil 19599 Tapauá
0%
Brazil 24557 Tapejara
0%
Brazil 15869 Tapejara
0%
Brazil 18044 Taperoá
0%
Brazil 15441 Taperoá
0%
Brazil 14695 Tapes
0%
Thailand 13868 Taphan Hin
0%
Argentina 23586 Tapiales
0%
Mexico 13592 Tapilula
0%
Brazil 15818 Tapiramutá
0%
Brazil 11816 Tapiratiba
0%
Hungary 14006 Tapolca
0%
Oman 18218 Ţāqah
0%
Brazil 57584 Taquara
0%
Brazil 19032 Taquarana
0%
Brazil 25198 Taquari
0%
Brazil 52260 Taquaritinga
0%
Brazil 24736 Taquaritinga do Norte
0%
Brazil 24350 Taquarituba
0%
India 10545 Tarabha
0%
Bolivia 2442 Tarabuco
0%
Moldova 12355 Taraclia
0%
Japan 8800 Taragi
0%
Philippines 27184 Taraka
0%
Indonesia 201635 Tarakan
0%
India 30947 Tarakeswar
0%
India 30222 Tāramangalam
0%
India 28317 Tarāna
0%
India 32640 Tārānagar
0%
Spain 15799 Tarancón
0%
Philippines 25713 Tarangnan
0%
Peru 240453 Tarapoto
0%
India 10255 Tārar
0%
France 10881 Tarare
0%
France 15525 Tarascon
0%
Ukraine 9689 Tarashcha
0%
Brazil 26037 Tarauacá
0%
India 13860 Tarauna
0%
India 9328 Tarawān
0%
Colombia 39257 Tarazá
0%
Spain 10565 Tarazona de Aragón
0%
India 8619 Tārazu
0%
France 44529 Tarbes
0%
Italy 8887 Tarcento
0%
Romania 9597 Târgu Frumos
0%
Morocco 14638 Targuist
0%
Romania 73545 Târgu Jiu
0%
Romania 11163 Târgu Lăpuş
0%
Romania 116033 Târgu-Mureş
0%
Romania 18029 Târgu Neamţ
0%
Romania 10410 Târgu Ocna
0%
Romania 16243 Târgu Secuiesc
0%
India 12000 Tarhāla
0%
Morocco 9059 Tarhjicht
0%
Libya 13264 Tarhūnah
0%
Morocco 20023 Tarhzirt
0%
Algeria 13934 Tarhzout
0%
Morocco 15654 Tarhzout n’Aït Yazza
0%
Papua New Guinea 15413 Tari
0%
Venezuela 128590 Táriba
0%
India 8502 Tarīchar Kalān
0%
Spain 18664 Tarifa
0%
Bolivia 268000 Tarija
0%
India 35942 Tarikere
0%
Yemen 58523 Tarīm
0%
Tanzania 133043 Tarime
0%
Afghanistan 71604 Tarīn Kōṯ
0%
India 25589 Tarkeshwar
0%
Russia 19932 Tarko-Sale
0%
Ghana 34941 Tarkwa
0%
Philippines 385398 Tarlac City
0%
India 14454 Tarlapalli
0%
Peru 54078 Tarma
0%
Algeria 9438 Tarmount
0%
Romania 20604 Târnăveni
0%
Hungary 10488 Tárnok
0%
France 12900 Tarnos
0%
Poland 61288 Tarnowskie Góry
0%
India 73638 Tarn Tāran
0%
Solomon Islands 1000 Taro
0%
Indonesia 115660 Tarogong
0%
Ukraine 15500 Taromske
0%
Morocco 57136 Taroudannt
0%
United States 25522 Tarpon Springs
0%
Colombia 16108 Tarqui
0%
Italy 15942 Tarquinia
0%
Cabo Verde 30000 Tarrafal
0%
Cabo Verde 5237 Tarrafal
0%
Spain 228708 Tarrasa
0%
Spain 18542 Tárrega
0%
United States 11752 Tarrytown
0%
Argentina 63196 Tartagal
0%
Brazil 12945 Tartarugalzinho
0%
Japan 26558 Tarui
0%
Brazil 14882 Tarumã
0%
Brazil 14709 Tarumirim
0%
Japan 13688 Tarumizu
0%
India 15720 Tarūr
0%
Russia 9791 Tarusa
0%
Indonesia 44523 Tarutung
0%
India 10896 Tarwāra
0%
Malta 8583 Tarxien
0%
India 65000 Tāsgaon
0%
China 12904 Tashi
0%
Armenia 8700 Tashir
0%
Kyrgyzstan 19310 Tash-Kömür
0%
Russia 21980 Tashtagol
0%
Indonesia 678027 Tasikmalaya
0%
Syria 15985 Tasīl
0%
Greenland 252 Tasiusaq
0%
Turkey 17048 Taşköprü
0%
Turkey 11248 Taşova
0%
Mexico 17451 Tasquillo
0%
Algeria 9358 Tassera
0%
France 22819 Tassin-la-Demi-Lune
0%
Benin 9234 Tasso
0%
Turkey 15184 Taşucu
0%
Hungary 23549 Tata
0%
Morocco 12549 Tata
0%
Hungary 65861 Tatabánya
0%
Mexico 15614 Tatahuicapan
0%
Indonesia 92361 Tatakan
0%
Philippines 55404 Tatalon
0%
Mexico 8869 Tataltepec de Valdés
0%
Tunisia 70224 Tataouine
0%
Ukraine 10836 Tatarbunary
0%
Philippines 15057 Tatarikan
0%
Russia 9000 Tatarsk
0%
Japan 73991 Tatebayashi
0%
India 13874 Tāti
0%
Morocco 8657 Tatoufet
0%
Japan 73952 Tatsunochō-tominaga
0%
India 32298 Tattamangalam
0%
Brazil 116682 Tatuí
0%
Turkey 79214 Tatvan
0%
Brazil 51948 Tauá
0%
Brazil 317915 Taubaté
0%
Germany 13621 Tauberbischofsheim
0%
Germany 15759 Taucha
0%
India 22321 Taulahā
0%
South Africa 18289 Taung
0%
Burma 145909 Taungdwingyi
0%
Burma 264804 Taunggyi
0%
Burma 108569 Taungoo
0%
Burma 26854 Taungup
0%
New Zealand 23622 Taupo
0%
Colombia 27178 Tauramena
0%
Italy 14830 Taurianova
0%
Italy 11345 Taurisano
0%
Colombia 8801 Tausa
0%
Italy 14447 Tavagnacco
0%
Portugal 9441 Tavarede
0%
United States 19738 Tavares
0%
Brazil 14759 Tavares
0%
Russia 32272 Tavda
0%
France 27065 Taverny
0%
Kenya 22018 Taveta
0%
Italy 11499 Taviano
0%
Portugal 26167 Tavira
0%
United Kingdom 11018 Tavistock
0%
Ukraine 10108 Tavriisk
0%
Greece 14339 Távros
0%
Turkey 73306 Tavşanlı
0%
Japan 30950 Tawaramoto
0%
India 16647 Tāwargeri
0%
Malaysia 113809 Tawau
0%
Morocco 10254 Tawnza
0%
Burma 32865 Tawsalun
0%
Malta 1804 Ta’ Xbiex
0%
Mexico 52217 Taxco de Alarcón
0%
Pakistan 136900 Taxila
0%
Guatemala 36750 Taxisco
0%
Uzbekistan 17100 Taxtako‘pir
0%
Philippines 112658 Tayabas
0%
Benin 9716 Tayakou
0%
Philippines 38159 Tayasan
0%
Iran 56562 Tāybād
0%
Russia 10900 Tayga
0%
Vietnam 135254 Tây Ninh
0%
Philippines 40146 Taysan
0%
Russia 34491 Tayshet
0%
Philippines 386451 Taytay
0%
Philippines 83357 Taytay
0%
Philippines 45241 Tayug
0%
Philippines 14869 Tayum
0%
Afghanistan 15000 Taywarah
0%
Syria 24105 Ţayyibat al Imām
0%
Iraq 40000 Tāzah Khūrmātū
0%
Tunisia 9388 Tazarka
0%
Morocco 14156 Tazert
0%
India 35126 Tāzhakara
0%
India 11309 Tāzhakudi
0%
India 23341 Tazhava
0%
China 19081 Tazishan
0%
Algeria 28891 Tazmalt
0%
Algeria 27493 Tazoult-Lambese
0%
Russia 5981 Tazovskiy
0%
Morocco 13721 Tazzarine
0%
Cambodia 24380 Tbeng Meanchey
0%
Benin 221108 Tchaourou
0%
Gabon 30042 Tchibanga
0%
Congo (Brazzaville) 262931 Tchibota
0%
Angola 30443 Tchindjendje
0%
Angola 500 Tchitado
0%
Angola 195136 Tchitato
0%
Poland 57990 Tczew
0%
New Zealand 2250 Te Anau
0%
United States 41499 Teaneck
0%
Italy 11289 Teano
0%
North Macedonia 3038 Tearce
0%
New Zealand 12195 Te Awamutu
0%
United States 13961 Teays Valley
0%
Algeria 35032 Tebesbest
0%
Algeria 194461 Tébessa
0%
Indonesia 169786 Tebingtinggi
0%
Tunisia 41731 Teboulba
0%
Tunisia 29948 Tebourba
0%
Mexico 23625 Tecali
0%
Mexico 364579 Tecámac
0%
Mexico 77061 Tecamachalco
0%
Mexico 81059 Tecate
0%
Mexico 25751 Tecax
0%
Germany 9398 Tecklenburg
0%
Mexico 42619 Tecoanapa
0%
Mexico 9134 Tecoh
0%
Mexico 16603 Tecolotlán
0%
El Salvador 30000 Tecoluca
0%
Mexico 26431 Tecolutla
0%
Mexico 116305 Tecomán
0%
Mexico 31609 Tecozautla
0%
Mexico 14638 Técpan de Galeana
0%
Guatemala 112864 Tecpán Guatemala
0%
Guatemala 11928 Tectitán
0%
Mexico 14921 Tecuala
0%
Romania 32801 Tecuci
0%
Guatemala 20272 Teculután
0%
Canada 23300 Tecumseh
0%
United States 8655 Tecumseh
0%
Russia 3441 Teeli
0%
Cameroon 12000 Tefam
0%
Brazil 73669 Tefé
0%
Indonesia 275789 Tegal
0%
Indonesia 25000 Tegalbuleud
0%
India 8605 Teghra
0%
India 19452 Teghra English
0%
Nigeria 24037 Tegina
0%
Spain 11405 Tegueste
0%
Spain 23411 Teguise
0%
United States 12366 Tehachapi
0%
India 21093 Tehata
0%
India 24014 Tehri
0%
Mexico 319375 Tehuacán
0%
Mexico 26322 Tehuipango
0%
United Kingdom 14749 Teignmouth
0%
Netherlands 37791 Teijlingen
0%
Germany 9431 Teisendorf
0%
Brazil 14631 Teixeira
0%
Brazil 107486 Teixeira de Freitas
0%
Brazil 12255 Teixeiras
0%
Brazil 9547 Teixeira Soares
0%
Turkmenistan 67488 Tejen
0%
Brazil 17154 Tejuçuoca
0%
Mexico 71077 Tejupilco
0%
El Salvador 20000 Tejutepeque
0%
Guatemala 44416 Tejutla
0%
El Salvador 13608 Tejutla
0%
India 16926 Tekanpur
0%
India 23259 Tekāri
0%
Kazakhstan 30707 Tekeli
0%
China 33740 Tekes
0%
Mexico 9834 Tekit
0%
India 26224 Tekkalakote
0%
India 30740 Tekkali
0%
India 15284 Tēkkampatti
0%
India 10571 Tekkāttūr
0%
India 33087 Tekkebhāgam
0%
India 10272 Tekkēkara
0%
India 31747 Tekkēkara Kizhakku
0%
Turkey 56318 Tekkeköy
0%
India 11026 Tekkumbāgam
0%
Turkey 23195 Tekman
0%
India 9107 Tekpanja
0%
Algeria 24594 Télagh
0%
India 8984 Telaprolu
0%
Israel 467875 Tel Aviv-Yafo
0%
Brazil 75042 Telêmaco Borba
0%
Moldova 7227 Teleneşti
0%
Algeria 48846 Telerghma
0%
Austria 16046 Telfs
0%
Germany 20301 Telgte
0%
Nicaragua 23266 Telica
0%
Guinea 30311 Télimélé
0%
India 10787 Telkap
0%
India 10384 Telkapalli
0%
India 9320 Telkathu
0%
India 9713 Tellār
0%
India 99386 Tellicherry
0%
Colombia 10273 Tello
0%
India 13387 Telmar
0%
India 10147 Telnāl
0%
Nicaragua 19025 Telpaneca
0%
India 9930 Telpur
0%
India 10407 Telsang
0%
Argentina 544 Telsen
0%
Lithuania 22261 Telšiai
0%
Germany 27880 Teltow
0%
India 15143 Telua
0%
Malaysia 232800 Teluk Intan
0%
Indonesia 167980 Teluknaga
0%
India 18643 Telwa
0%
India 9931 Telwa
0%
Algeria 20067 Temacine
0%
Mexico 11206 Temamatla
0%
Morocco 297098 Temara
0%
Mexico 39680 Temascal
0%
Mexico 33063 Temascalapa
0%
Mexico 58169 Temascalcingo
0%
Mexico 30336 Temascaltepec de González
0%
Indonesia 23022 Tembagapura
0%
Serbia 25780 Temerin
0%
United States 28560 Temescal Valley
0%
Indonesia 19876 Teminabuan
0%
Kazakhstan 185082 Temirtaū
0%
Canada 9920 Temiskaming Shores
0%
Mexico 116143 Temixco
0%
Mexico 105766 Temoaya
0%
Argentina 121451 Temperley
0%
Italy 13196 Tempio Pausania
0%
United States 8740 Temple Hills
0%
United States 8608 Templeton
0%
Germany 15604 Templin
0%
Mexico 12237 Tempoal de Sánchez
0%
Russia 40994 Temryuk
0%
Morocco 12198 Temsamane
0%
Belgium 29528 Temse
0%
Morocco 52663 Temsia
0%
Chile 282415 Temuco
0%
United States 15252 Tenafly
0%
India 164937 Tenāli
0%
India 12351 Tenambākkam
0%
Mexico 104677 Tenancingo
0%
Mexico 17503 Tenango de Doria
0%
Mexico 10578 Tenango del Aire
0%
Dominican Republic 27765 Tenares
0%
Japan 61981 Tendō
0%
Morocco 14269 Tendrara
0%
India 14822 Tendūkheda
0%
India 12381 Tendūkheda
0%
Algeria 9193 Tenedla
0%
Mali 11310 Ténenkou
0%
Brazil 10262 Tenente Ananias Gomes
0%
Brazil 14497 Tenente Portela
0%
Algeria 35459 Ténès
0%
India 16731 Tengampudūr
0%
Indonesia 114039 Tenggarong
0%
China 620000 Tengyue
0%
Paraguay 25890 Teniente Primero Manuel Irala Fernández
0%
Algeria 11338 Teniet el Abed
0%
Germany 12234 Teningen
0%
Colombia 20269 Tenjo
0%
India 70545 Tenkāsi
0%
Burkina Faso 58600 Tenkodogo
0%
India 12636 Tenmalai
0%
India 49214 Tennala
0%
Chile 27532 Teno
0%
Mexico 34946 Tenosique
0%
Japan 63760 Tenri
0%
Indonesia 11233 Tentena
0%
Mexico 16957 Teocelo
0%
Mexico 10317 Teocuitatlán de Corona
0%
Brazil 23273 Teodoro Sampaio
0%
Chile 15504 Teodoro Schmidt
0%
Brazil 137418 Teófilo Otoni
0%
Italy 8865 Teolo
0%
Mexico 63115 Teoloyucan
0%
India 20135 Teonthar
0%
Mexico 20044 Teopisca
0%
Colombia 23381 Teorama
0%
El Salvador 12320 Teotepeque
0%
Mexico 46779 Teotihuacan
0%
Mexico 8675 Teotitlán
0%
Mexico 10456 Teotlaltzingo
0%
Mexico 42879 Tepalcatepec
0%
Mexico 141322 Tepatitlán de Morelos
0%
Mexico 17472 Tepatlaxco
0%
Mexico 49850 Tepeapulco
0%
Mexico 8972 Tepechitlán
0%
El Salvador 14322 Tepecoyo
0%
Mexico 27240 Tepehuacán de Guerrero
0%
Mexico 34151 Tepeji del Río de Ocampo
0%
Kyrgyzstan 9186 Tepe-Korgon
0%
Albania 4342 Tepelenë
0%
Mexico 8893 Tepetitlan
0%
Mexico 9668 Tepetlán
0%
Mexico 30680 Tepetlaoxtoc
0%
Mexico 19843 Tepetlixpa
0%
Mexico 14736 Tepetzintla
0%
Mexico 11622 Tepetzintla
0%
Mexico 20598 Tepexi de Rodríguez
0%
Mexico 102667 Tepexpan
0%
Mexico 425942 Tepic
0%
Czechia 50959 Teplice
0%
Ukraine 9958 Teplodar
0%
Ukraine 9270 Teplohirsk
0%
Kyrgyzstan 14055 Teploklyuchenka
0%
Mexico 67724 Tepotzotlán
0%
Mexico 14130 Tepoztlán
0%
India 9480 Tepperumālnallūr
0%
Mexico 31115 Tequila
0%
Mexico 29799 Tequisquiapan
0%
Mexico 22676 Tequixquiac
0%
Italy 51548 Teramo
0%
India 8743 Teranikallu
0%
Netherlands 8671 Ter Apel
0%
India 26088 Terdāl
0%
Ukraine 13226 Terebovlya
0%
Brazil 11662 Terenos
0%
Ireland 17972 Terenure
0%
Philippines 64072 Teresa
0%
Brazil 138081 Teresópolis
0%
Algeria 32308 Terga
0%
France 13261 Tergnier
0%
India 9568 Terkhed
0%
India 9831 Terku Narippaiyūr
0%
India 11090 Terku Valliyūr
0%
India 14220 Terkuvengānallūr
0%
Italy 26112 Terlizzi
0%
Argentina 32116 Termas de Río Hondo
0%
Italy 24920 Termini Imerese
0%
Uzbekistan 182800 Termiz
0%
Italy 32235 Termoli
0%
Belgium 15481 Ternat
0%
Indonesia 204215 Ternate
0%
Philippines 24653 Ternate
0%
Netherlands 54589 Terneuzen
0%
Italy 106370 Terni
0%
Austria 14632 Ternitz
0%
Ukraine 29226 Ternivka
0%
Spain 12878 Teror
0%
Morocco 11673 Teroual
0%
Brazil 10400 Terra Alta
0%
Brazil 17568 Terra Boa
0%
Brazil 10798 Terra Boa
0%
Nicaragua 12740 Terrabona
0%
Canada 14633 Terrace
0%
United States 9480 Terrace Heights
0%
Italy 44720 Terracina
0%
Brazil 9878 Terra de Areia
0%
Italy 9719 Terralba
0%
Italy 11959 Terranuova Bracciolini
0%
Brazil 14842 Terra Rica
0%
Brazil 18119 Terra Roxa d’Oeste
0%
Brazil 18782 Terra Santa
0%
Italy 12833 Terrasini Favarotta
0%
Canada 119944 Terrebonne
0%
Haiti 31252 Terre Neuve
0%
Haiti 21328 Terrier Rouge
0%
United States 25844 Terrytown
0%
United States 10962 Terryville
0%
Azerbaijan 12563 Tərtər
0%
Spain 36713 Teruel
0%
Colombia 8876 Teruel
0%
Belgium 22248 Tervuren
0%
Italy 17211 Terzigno
0%
Colombia 9767 Tesalia
0%
Bosnia and Herzegovina 43063 Tešanj
0%
Eritrea 3753 Teseney
0%
Mali 3612 Tessalit
0%
Belgium 18514 Tessenderlo
0%
Tunisia 13397 Testour
0%
India 11967 Tetagunta
0%
India 13126 Tetāri
0%
Mexico 10199 Tetela del Volcán
0%
Mexico 28139 Tetela de Ocampo
0%
Ukraine 12640 Tetiiv
0%
Morocco 422757 Tétouan
0%
Germany 20262 Tettnang
0%
India 9121 Tettu
0%
India 10260 Tettuppatti
0%
Russia 11250 Tetyushi
0%
Spain 12834 Teulada
0%
Nicaragua 26265 Teustepe
0%
Brazil 32797 Teutônia
0%
India 19320 Tevāram
0%
Mauritania 150000 Tevragh Zeina
0%
United Kingdom 10663 Tewkesbury
0%
Mexico 19206 Texcaltitlán
0%
Mexico 10934 Texcatepec
0%
Mexico 105165 Texcoco
0%
Algeria 14974 Texenna
0%
Mexico 20887 Texistepec
0%
El Salvador 17923 Texistepeque
0%
Lesotho 75115 Teyateyaneng
0%
Mexico 92170 Teziutlan
0%
Mexico 11034 Tezoatlán de Segura y Luna
0%
Mexico 56956 Tezonapa
0%
Mexico 13032 Tezontepec
0%
Mexico 10723 Tezontepec de Aldama
0%
Mexico 41333 Tezoyuca
0%
India 102505 Tezpur
0%
India 14376 Tezu
0%
Italy 12920 Tezze sul Brenta
0%
South Africa 70118 Thaba Nchu
0%
Lesotho 5423 Thaba-Tseka
0%
South Africa 28847 Thabazimbi
0%
Thailand 18320 Tha Bo
0%
Thailand 11108 Tha Chang
0%
Vietnam 268167 Thái Bình
0%
Vietnam 420000 Thái Nguyên
0%
India 12479 Thair
0%
Laos 70000 Thakhèk
0%
India 38063 Thakraha
0%
India 9274 Thakurainia
0%
Pakistan 30977 Thal
0%
Tunisia 18230 Thala
0%
Germany 16721 Thale
0%
Thailand 9003 Tha Luang
0%
Switzerland 18525 Thalwil
0%
Botswana 19547 Thamaga
0%
Thailand 9843 Tha Mai
0%
Thailand 9411 Tha Maka
0%
United Kingdom 13269 Thame
0%
New Zealand 7293 Thames
0%
Canada 13980 Thames Centre
0%
United Kingdom 9400 Thames Ditton
0%
Thailand 10219 Tha Muang
0%
India 36669 Thāna Bhawan
0%
Burma 145287 Thanatpin
0%
India 8520 Thāndewāla
0%
India 16744 Thandla
0%
Burma 133484 Thandwe
0%
India 1886941 Thāne
0%
India 154962 Thānesar
0%
Burma 86065 Thanhlyin
0%
Vietnam 200000 Thành Phố Bà Rịa
0%
Vietnam 120982 Thành Phố Uông Bí
0%
Vietnam 11051 Thanh Xuân
0%
Thailand 9676 Thap Khlo
0%
Thailand 8931 Thap Than
0%
India 13008 Thara
0%
India 39000 Tharād
0%
Australia 194 Thargomindah
0%
India 10000 Thariāl
0%
India 8884 Tharīke
0%
Pakistan 352491 Thari Mir Wah
0%
United Kingdom 25466 Thatcham
0%
India 26766 Thātha
0%
India 8648 Thāthūpur
0%
Burma 130763 Thaton
0%
India 59955 Thatri
0%
Pakistan 220000 Thatta
0%
United Kingdom 12280 Thatto Heath
0%
Thailand 28437 Tha Yang
0%
India 31547 Thazhamel
0%
Vietnam 1013795 Thủ Đức
0%
Vietnam 321607 Thủ Dầu Một
0%
United States 40188 The Acreage
0%
Bonaire, Sint Eustatius, and Saba 462 The Bottom
0%
United States 22359 The Crossings
0%
United States 58548 The Hammocks
0%
United States 10732 The Hills
0%
United Kingdom 16600 The Mumbles
0%
Canada 12808 The Nation / La Nation
0%
Algeria 21439 Thenia
0%
Algeria 27628 Theniet el Had
0%
Australia 438 Theodore
0%
India 9662 Thepaha Rāja Rām
0%
United States 11740 The Pinery
0%
Greece 55358 Thérmi
0%
Switzerland 9867 Therwil
0%
United Kingdom 25257 Thetford
0%
Canada 26072 Thetford Mines
0%
Belgium 12025 Theux
0%
Anguilla 3269 The Valley
0%
United States 9470 The Village
0%
United States 82108 The Villages
0%
India 10711 Thevūr
0%
France 32006 Thiais
0%
United States 8841 Thief River Falls
0%
Italy 23794 Thiene
0%
France 11686 Thiers
0%
Senegal 115245 Thiès
0%
Kenya 99322 Thika
0%
India 9544 Thīkri
0%
India 10080 Thikriwāla
0%
India 14583 Thillangéri
0%
Senegal 10440 Thilogne
0%
India 19737 Thimiri
0%
Maldives 5230 Thinadhoo
0%
Burma 209486 Thingangyun
0%
Haiti 23041 Thiotte
0%
India 8611 Thirumēni
0%
Denmark 13534 Thisted
0%
Vietnam 8922 Thị Trấn Đồng Đăng
0%
Vietnam 9942 Thị Trấn Mậu A
0%
Vietnam 16522 Thị Trấn Ngải Giao
0%
Vietnam 10331 Thạnh Phú
0%
Thailand 15360 Thoen
0%
India 9609 Thogadūru
0%
India 11802 Thogapalle
0%
South Africa 69453 Thohoyandou
0%
India 42699 Thol
0%
Netherlands 26085 Tholen
0%
Germany 12186 Tholey
0%
India 31957 Tholikuzhi
0%
Haiti 42557 Thomassique
0%
United States 9798 Thomaston
0%
Haiti 52017 Thomazeau
0%
India 14352 Thondiamannu
0%
Switzerland 14122 Thônex
0%
Thailand 14141 Thong Pha Phum
0%
Burma 52496 Thongwa
0%
France 37689 Thonon-les-Bains
0%
United States 14660 Thonotosassa
0%
France 8631 Thorigné-Fouillard
0%
France 10405 Thorigny-sur-Marne
0%
United Kingdom 24741 Thornaby on Tees
0%
United Kingdom 14485 Thornbury
0%
United Kingdom 18096 Thorne
0%
United Kingdom 65812 Thornton Heath
0%
Canada 23816 Thorold
0%
United Kingdom 14526 Thorpe Saint Andrew
0%
India 40818 Thōtada
0%
France 10956 Thouaré-sur-Loire
0%
France 13949 Thouars
0%
India 45947 Thoubāl
0%
United States 16426 Three Lakes
0%
Australia 356 Three Springs
0%
Vietnam 20972 Thuân An
0%
Belgium 14671 Thuin
0%
Maldives 1500 Thulusdhoo
0%
United Kingdom 24800 Thundersley
0%
Thailand 8971 Thung Sai
0%
Thailand 30500 Thung Song
0%
Vietnam 29806 Thuận Tiến
0%
Malawi 7029 Thyolo
0%
Ukraine 8887 Tiachiv
0%
Senegal 14975 Tiadiaye
0%
Benin 16625 Tiahounkossi
0%
China 602840 Tianchang
0%
Brazil 76537 Tianguá
0%
Mexico 14340 Tianguistengo
0%
China 23683 Tianmingsi
0%
China 116084 Tianmu
0%
China 58430 Tianningcun
0%
China 166774 Tiantoujiao
0%
Taiwan 26063 Tianwei
0%
China 26095 Tianyingcun
0%
China 26095 Tianyingji
0%
Taiwan 39701 Tianzhong
0%
Philippines 106265 Tiaong
0%
Algeria 178915 Tiaret
0%
Brazil 19961 Tibagi
0%
Colombia 9186 Tibaná
0%
Colombia 14063 Tibasosa
0%
Cameroon 72081 Tibati
0%
Brazil 16929 Tibau do Sul
0%
India 19508 Tibba
0%
India 11692 Tibbar
0%
Israel 44200 Tiberias
0%
Philippines 28703 Tibiao
0%
Philippines 47886 Tibigan
0%
India 13794 Tibri
0%
Sweden 8588 Tibro
0%
Indonesia 10919 Tibubeneng
0%
Algeria 16546 Tichi
0%
Nicaragua 27008 Ticuantepe
0%
Mexico 32796 Ticul
0%
Morocco 11831 Tiddas
0%
Burma 20000 Tiddim
0%
Morocco 20283 Tidili Masfiywat
0%
Algeria 13888 Tidjelabine
0%
Mauritania 15532 Tidjikja
0%
China 225960 Tieli
0%
China 2388294 Tieling
0%
Belgium 20500 Tielt
0%
Chile 14019 Tierra Amarilla
0%
Mexico 10502 Tierra Colorada
0%
Colombia 78770 Tierralta
0%
China 41907 Tieshansi
0%
Brazil 37663 Tietê
0%
Morocco 3000 Tifariti
0%
Morocco 49918 Tiflet
0%
Morocco 10906 Tifni
0%
Algeria 8547 Tifra
0%
Philippines 60524 Tigaon
0%
India 9847 Tīgaon
0%
Indonesia 163531 Tigaraksa
0%
Philippines 21675 Tigbao
0%
Philippines 65245 Tigbauan
0%
Morocco 21161 Tighedouine
0%
Algeria 62210 Tighenif
0%
Solomon Islands 613 Tigoa
0%
India 10712 Tigrāna
0%
Algeria 11962 Tigzirt
0%
Brazil 51592 Tijucas
0%
Brazil 12260 Tijucas do Sul
0%
India 79106 Tīkamgarh
0%
India 9000 Tikar
0%
India 11812 Tīkar
0%
Russia 54582 Tikhoretsk
0%
Russia 53932 Tikhvin
0%
Cameroon 78885 Tiko
0%
India 11284 Tikota
0%
Mexico 9609 Tila
0%
Nepal 56127 Tilakpur
0%
Costa Rica 8677 Tilarán
0%
India 12649 Tilāri
0%
United Kingdom 12450 Tilbury
0%
United Kingdom 9185 Tilehurst
0%
India 52909 Tilhar
0%
China 35197 Tilingzhai
0%
Niger 19262 Tillabéri
0%
India 8801 Tillaivilāgam
0%
United States 17678 Tillmans Corner
0%
India 15000 Tillor Khurd
0%
Canada 18615 Tillsonburg
0%
Morocco 9110 Tilmi
0%
India 18406 Tilothu
0%
Morocco 11592 Tilougguit
0%
Chile 14755 Tiltil
0%
India 8750 Tilvalli
0%
Morocco 11571 Timahdit
0%
Colombia 20463 Timaná
0%
Pakistan 58050 Timargara
0%
New Zealand 27501 Timaru
0%
Russia 51398 Timashevsk
0%
Egypt 201956 Timayy al Imdīd
0%
Brazil 52802 Timbaúba
0%
Mauritania 17832 Timbedgha
0%
United States 12833 Timberlake
0%
United States 11169 Timberlane
0%
United States 34980 Timberwood Park
0%
Colombia 33883 Timbío
0%
Colombia 22077 Timbiquí
0%
Brazil 26484 Timbiras
0%
Brazil 44977 Timbó
0%
Norway 19781 Time
0%
Morocco 12503 Timezgana
0%
Algeria 33060 Timimoun
0%
Mali 14829 Timissa
0%
Algeria 28996 Timizart
0%
India 22608 Timmāpur
0%
India 8836 Timmapuram
0%
India 9315 Timmāpuram
0%
India 21014 Timmarāsanāyakkanūr
0%
Germany 8690 Timmendorfer Strand
0%
Greenland 10 Timmiarmiut
0%
Algeria 18598 Timoktene
0%
Brazil 174465 Timon
0%
United States 10880 Timonium
0%
Brazil 81579 Timóteo
0%
United Kingdom 11323 Timperley
0%
Sweden 10443 Timrå
0%
India 18044 Timri
0%
India 25321 Timurni
0%
Morocco 43999 Tinajdad
0%
Philippines 18387 Tinajeros
0%
Philippines 70176 Tinambac
0%
Venezuela 110000 Tinaquillo
0%
Uzbekistan 14700 Tinchlik
0%
India 120405 Tindivanam
0%
Algeria 45610 Tindouf
0%
India 154428 Tindwāra
0%
Morocco 44239 Tineghir
0%
Spain 9096 Tineo
0%
Philippines 13148 Tinglayan
0%
Philippines 19215 Tingloy
0%
Peru 46191 Tingo María
0%
Indonesia 142909 Tinipuka
0%
Tunisia 21167 Tinja
0%
India 236571 Tinkhang
0%
India 10042 Tinkoni
0%
India 38718 Tinnanūr
0%
India 411298 Tinnevelly
0%
Philippines 18475 Tinoc
0%
Argentina 11485 Tinogasta
0%
Nepal 42011 Tinpiple
0%
France 10662 Tinqueux
0%
Hong Kong 286232 Tin Shui Wai
0%
India 99507 Tinsukia
0%
United States 19252 Tinton Falls
0%
Canada 11787 Tiny
0%
Colombia 17308 Tíogollo
0%
Senegal 8507 Tionk Essil
0%
Mali 12166 Tioribougou
0%
India 13350 Tiorpāra
0%
Burkina Faso 8983 Tiou
0%
Algeria 25225 Tipasa
0%
Nicaragua 147379 Tipitapa
0%
Philippines 25531 Tipo-Tipo
0%
United States 10344 Tipp City
0%
United Kingdom 38777 Tipton
0%
United Kingdom 9628 Tiptree
0%
India 59543 Tiptūr
0%
Bolivia 31264 Tiquipaya
0%
Guatemala 63971 Tiquisate
0%
Colombia 22041 Tiquisio
0%
Italy 8828 Tirano
0%
Israel 22200 Tirat Karmel
0%
Turkey 87462 Tire
0%
Turkey 20671 Tirebolu
0%
Morocco 11998 Tirhassaline
0%
India 35859 Tirkadavūr
0%
India 77319 Tirkākara
0%
India 14424 Tirkarūr
0%
India 10337 Tirkha
0%
India 12899 Tirmaigiri
0%
India 18474 Tirmalgiri
0%
Algeria 19027 Tirmitine
0%
India 11680 Tirodi
0%
India 25181 Tirorā
0%
Germany 8580 Tirschenreuth
0%
India 19546 Tīrthahalli
0%
Chile 9644 Tirúa
0%
India 9374 Tirubhuvane
0%
India 10148 Tiruchchuli
0%
India 40171 Tiruchendūr
0%
India 95335 Tiruchengodu
0%
India 29391 Tirukkalikkunram
0%
India 12567 Tirukkāttuppalli
0%
India 60212 Tirukkoyilūr
0%
India 13103 Tirumakūdal Narsipur
0%
India 23778 Tirumala
0%
India 8845 Tirumalaippatti
0%
India 14699 Tirumalaiyampālaiyam
0%
India 51194 Tirumangalam
0%
India 11022 Tirumayam
0%
India 24495 Tirumuruganpūndi
0%
India 18212 Tirunāgeswaram
0%
India 287482 Tirupati
0%
India 14560 Tiruppāchūr
0%
India 12477 Tiruppālai
0%
India 10850 Tiruppālaikudi
0%
India 13696 Tiruppanandāl
0%
India 51543 Tirupparangunram
0%
India 83612 Tiruppattūr
0%
India 25980 Tiruppattūr
0%
India 10954 Tirupporūr
0%
India 21350 Tiruppuvanam
0%
India 56058 Tirur
0%
India 22265 Tiruttangal
0%
India 44781 Tiruttani
0%
India 24404 Tirutturaippūndi
0%
India 11750 Tiruvādānai
0%
India 19154 Tiruvādi
0%
India 9362 Tiruvāduturai
0%
India 10475 Tiruvalam
0%
India 14460 Tiruvalanjuli
0%
India 52883 Tiruvalla
0%
India 54416 Tiruvallūr
0%
India 58301 Tiruvālūr
0%
India 30820 Tiruvambadi
0%
India 9650 Tiruvambalapuram
0%
India 21644 Tiruvankod
0%
India 172348 Tiruvannāmalai
0%
India 13324 Tiruvārpu
0%
India 14634 Tiruvāsaladi
0%
India 24119 Tiruvattār
0%
India 29810 Tiruvēgapra
0%
India 9705 Tiruvengadam
0%
India 11328 Tiruvennanallūr
0%
India 22207 Tiruverumbūr
0%
India 249446 Tiruvottiyūr
0%
India 34173 Tiruvūr
0%
India 30000 Tirwa
0%
Slovenia 408 Tišina
0%
Nicaragua 10681 Tisma
0%
Czechia 9275 Tišnov
0%
Morocco 9444 Tissaf
0%
Sri Lanka 79618 Tissamaharama
0%
Algeria 75197 Tissemsilt
0%
Morocco 8797 Tissint
0%
Hungary 9901 Tiszaföldvár
0%
Hungary 10642 Tiszafüred
0%
Hungary 11690 Tiszakécske
0%
Hungary 14700 Tiszaújváros
0%
Hungary 12276 Tiszavasvári
0%
India 116541 Titāgarh
0%
Burkina Faso 48242 Titao
0%
India 12421 Titara
0%
Philippines 53994 Titay
0%
Serbia 15738 Titel
0%
Colombia 14092 Titiribí
0%
Germany 12395 Titisee-Neustadt
0%
India 34067 Titlāgarh
0%
Morocco 56019 Tit Mellil
0%
India 11206 Tittachcheri
0%
India 20734 Tittagudi
0%
Germany 8886 Titz
0%
Senegal 69556 Tivaouane
0%
Montenegro 9367 Tivat
0%
United Kingdom 22291 Tiverton
0%
United States 16260 Tiverton
0%
India 9716 Tivim
0%
Mexico 10968 Tixkokob
0%
Algeria 9493 Tixter
0%
Mexico 21720 Tixtla de Guerrero
0%
Russia 626 Tiyerbes
0%
Mexico 119442 Tizayuca
0%
Morocco 12292 Tizgane
0%
Algeria 29409 Tizi Gheniff
0%
Mexico 52593 Tizimín
0%
Algeria 21086 Tizi-n-Bechar
0%
Morocco 12547 Tizi Nisly
0%
Algeria 15479 Tizi-n-Tleta
0%
Algeria 17161 Tizi Rached
0%
Morocco 43001 Tiznit
0%
Morocco 8538 Tizoual
0%
Morocco 9349 Tiztoutine
0%
Mexico 11630 Tlachichilco
0%
Mexico 18055 Tlacoachistlahuaca
0%
Mexico 16510 Tlacolula de Matamoros
0%
Mexico 11431 Tlacolulan
0%
Mexico 52508 Tlacotepec
0%
Indonesia 8786 Tlagasana
0%
Mexico 9517 Tlahualilo de Zaragoza
0%
Mexico 17153 Tlahuelilpan
0%
Mexico 9264 Tlahuiltepa
0%
Mexico 8922 Tlahuitoltepec
0%
Mexico 44103 Tlajomulco de Zúñiga
0%
Mexico 37857 Tlalixcoyan
0%
Mexico 10208 Tlalixtac de Cabrera
0%
Mexico 46130 Tlalmanalco
0%
Mexico 18715 Tlalnelhuayocan
0%
Mexico 27788 Tlalpujahua de Rayón
0%
Mexico 21636 Tlaltenango de Sánchez Román
0%
Mexico 15818 Tlaltetela
0%
Mexico 33694 Tlanchinol
0%
Mexico 115000 Tlapacoyan
0%
Mexico 37975 Tlapa de Comonfort
0%
Mexico 26758 Tlaxcoapan
0%
Mexico 14467 Tlayacapan
0%
Morocco 9326 Tleta Taghramt
0%
Botswana 35982 Tlokweng
0%
Ukraine 8689 Tlumach
0%
Libya 500 Tmassah
0%
Morocco 23074 Tnine Lgharbia
0%
Morocco 10616 Tnine Sidi Lyamani
0%
Pakistan 75943 Toba Tek Singh
0%
Paraguay 23295 Tobatí
0%
Indonesia 34150 Tobelo
0%
Brazil 50905 Tobias Barreto
0%
Philippines 33816 Tobias Fornier
0%
Indonesia 65138 Toboali
0%
Russia 99454 Tobolsk
0%
Philippines 43445 Toboso
0%
Benin 16912 Tobré
0%
Kazakhstan 7155 Tobyl
0%
Colombia 10157 Toca
0%
Peru 29029 Tocache Nuevo
0%
Colombia 18790 Tocaima
0%
Colombia 36439 Tocancipá
0%
Brazil 22615 Tocantinópolis
0%
Brazil 16185 Tocantins
0%
United States 9173 Toccoa
0%
Spain 9373 Tocina
0%
Honduras 72847 Tocoa
0%
Chile 378 Toconao
0%
Chile 24247 Tocopilla
0%
Panama 74952 Tocumen
0%
Venezuela 173450 Tocuyito
0%
India 33876 Toda Bhīm
0%
India 23559 Toda Rai Singh
0%
Italy 15682 Todi
0%
United Kingdom 15481 Todmorden
0%
Guatemala 39638 Todos Santos Cuchumatán
0%
India 68722 Todupulai
0%
Benin 74717 Toffo
0%
Micronesia, Federated States of 2591 Tofol
0%
Faroe Islands 1000 Toftir
0%
India 10156 Togamalai
0%
Benin 18674 Togba
0%
Germany 9560 Töging am Inn
0%
Japan 29025 Togitsu
0%
Ethiopia 70450 Togoch’alē
0%
Mali 8987 Togou
0%
Russia 19619 Toguchin
0%
Mali 27057 Toguéré-Koumbé
0%
India 63871 Tohāna
0%
Japan 16449 Tōhoku
0%
Benin 17652 Tohoué
0%
Japan 113144 Tōkai
0%
Japan 37700 Tōkai
0%
Japan 53333 Tōkamachi
0%
Sudan 37051 Tokār
0%
Turkey 163405 Tokat
0%
India 8630 Tokatippa
0%
Nepal 133755 Tokha
0%
Japan 55388 Toki
0%
Japan 10470 Tokigawa
0%
India 9964 Tokkavādi
0%
Ukraine 29573 Tokmak
0%
Kyrgyzstan 53231 Tokmok
0%
Hungary 11349 Tököl
0%
Japan 57507 Tokoname
0%
New Zealand 13572 Tokoroa
0%
Japan 341289 Tokorozawa
0%
China 29657 Toksun
0%
Kyrgyzstan 20577 Toktogul
0%
Japan 10194 Tokunoshima
0%
India 12522 Tola Khadda
0%
Madagascar 67284 Tôlan̈aro
0%
Mexico 11746 Tolcayuca
0%
Kazakhstan 19551 Töle Bī
0%
Italy 17872 Tolentino
0%
Mexico 11219 Tolimán
0%
Italy 9833 Tolmezzo
0%
Slovenia 3525 Tolmin
0%
Hungary 10640 Tolna
0%
Madagascar 17000 Tolongoina
0%
Argentina 41705 Tolosa
0%
Philippines 20708 Tolosa
0%
Spain 19886 Tolosa
0%
Chile 2293 Toltén
0%
India 17087 Tolūprpatti
0%
Colombia 20033 Tolú Viejo
0%
United States 9505 Tomah
0%
Portugal 40677 Tomar
0%
Brazil 12012 Tomar do Geru
0%
Spain 25488 Tomares
0%
Turkey 21100 Tomarza
0%
Philippines 16990 Tomas Oppus
0%
Poland 18567 Tomaszów Lubelski
0%
Poland 57600 Tomaszów Mazowiecki
0%
Mexico 36316 Tomatlán
0%
Slovenia 254 Tomaž pri Ormožu
0%
France 9040 Tomblaine
0%
Angola 46025 Tombôco
0%
Brazil 8609 Tombos
0%
Benin 10026 Tomboutou
0%
Chile 42312 Tomé
0%
Brazil 47273 Tomé-Açu
0%
Spain 36523 Tomelloso
0%
Romania 8713 Tomeşti
0%
Mali 18130 Tominian
0%
Spain 13782 Tomiño
0%
Japan 46928 Tomioka
0%
Japan 49470 Tomisato
0%
Japan 51859 Tomiya
0%
Japan 35425 Tomobe
0%
Indonesia 96411 Tomohon
0%
Australia 2874 Tom Price
0%
United States 97034 Toms River
0%
Turkey 12170 Tömük
0%
El Salvador 170282 Tonacatepeque
0%
India 13198 Tonakkal
0%
Mexico 569913 Tonalá
0%
Mexico 35322 Tonalá
0%
Japan 47638 Tonami
0%
Brazil 19247 Tonantins
0%
United Kingdom 38657 Tonbridge
0%
Japan 108735 Tondabayashichō
0%
India 15189 Tondangi
0%
Portugal 28946 Tondela
0%
India 20201 Tondi
0%
Philippines 654220 Tondo
0%
Japan 15035 Tone
0%
Iran 55434 Tonekābon
0%
China 21448 Tong’anyi
0%
China 698322 Tongchuan
0%
China 700000 Tongchuanshi
0%
Korea, South 87724 Tonghae
0%
China 176112 Tongjiang
0%
Korea, South 1076369 Tongjin
0%
China 2873168 Tongliao
0%
China 1311726 Tongling
0%
Taiwan 16563 Tongluo
0%
Madagascar 21000 Tongobory
0%
Sierra Leone 44376 Tongoma
0%
China 3168800 Tongren
0%
China 8669000 Tongshan
0%
Taiwan 31799 Tongxiao
0%
China 27476 Tongyangdao
0%
China 21848 Tongzhou
0%
Germany 29331 Tönisvorst
0%
South Sudan 17340 Tonj
0%
India 165000 Tonk
0%
India 8696 Tonk Khurd
0%
France 9461 Tonneins
0%
Japan 26110 Tōno
0%
Japan 12915 Tonoshō
0%
Japan 13085 Tōnoshō
0%
Norway 58561 Tønsberg
0%
India 9896 Tonse East
0%
India 11032 Tonse West
0%
Turkey 13457 Tonya
0%
United Kingdom 12888 Tonyrefail
0%
Burma 37700 Tonzang
0%
Japan 34195 Tōon
0%
Russia 27158 Topki
0%
Romania 12609 Topliţa
0%
Serbia 22207 Topola
0%
Slovakia 25249 Topoľčany
0%
Romania 9373 Topoloveni
0%
United States 8746 Toppenish
0%
Turkey 11411 Toprakkale
0%
China 27454 Toqsu
0%
Uzbekistan 30300 To‘raqo‘rg‘on
0%
Turkey 207840 Torbalı
0%
Iran 140019 Torbat-e Ḩeydarīyeh
0%
Iran 100449 Torbat-e Jām
0%
Haiti 69189 Torbeck
0%
France 22939 Torcy
0%
Spain 18409 Tordera
0%
Spain 8638 Tordesillas
0%
Spain 15093 Torelló
0%
Germany 9269 Torgelow
0%
Kazakhstan 5277 Torghay
0%
Belgium 20530 Torhout
0%
Colombia 26616 Toribío
0%
Benin 44569 Tori-Bossito
0%
Benin 11952 Tori-Cada
0%
Japan 103908 Toride
0%
Japan 9643 Torihama
0%
South Sudan 17957 Torit
0%
Brazil 41137 Toritama
0%
Germany 14606 Tornesch
0%
Argentina 11759 Tornquist
0%
Hungary 14517 Törökbálint
0%
Hungary 19196 Törökszentmiklós
0%
Russia 11441 Toropets
0%
Uganda 41906 Tororo
0%
Bolivia 10535 Torotoro
0%
India 10538 Torpa
0%
Iran 20998 Ţorqabeh
0%
Italy 40153 Torre Annunziata
0%
Italy 8694 Torre Boldone
0%
Spain 13944 Torre del Campo
0%
Italy 80508 Torre del Greco
0%
Spain 22819 Torre del Mar
0%
Spain 17984 Torredembarra
0%
Portugal 8572 Torre de Moncorvo
0%
Spain 13261 Torredonjimeno
0%
Spain 127132 Torrejón de Ardoz
0%
Spain 9947 Torrejón de la Calzada
0%
Spain 51663 Torrelavega
0%
Spain 25316 Torrelodones
0%
Italy 16514 Torre Maggiore
0%
Spain 70933 Torremolinos
0%
Spain 89401 Torrente
0%
Spain 40074 Torre-Pacheco
0%
Italy 10114 Torre Santa Susanna
0%
Portugal 36717 Torres Novas
0%
Portugal 79465 Torres Vedras
0%
Spain 94803 Torrevieja
0%
Italy 11680 Torri di Quartesolo
0%
Philippines 30476 Torrijos
0%
Spain 14099 Torrijos
0%
Brazil 9335 Torrinha
0%
Spain 12521 Torroella de Montgrí
0%
Spain 21583 Torrox
0%
Italy 10953 Tortolì
0%
United Kingdom 11841 Torton
0%
Italy 26432 Tortona
0%
Italy 11788 Tortoreto
0%
Spain 35265 Tortosa
0%
Argentina 41390 Tortuguitas
0%
Turkey 15259 Tortum
0%
Russia 41116 Torzhok
0%
Ecuador 11317 Tosagua
0%
Japan 11925 Tosashimizu
0%
Japan 297954 Toshima
0%
Uzbekistan 18600 Toshloq
0%
Russia 32074 Tosno
0%
Argentina 14582 Tostado
0%
Germany 14835 Tostedt
0%
Japan 74673 Tosu
0%
Turkey 28963 Tosya
0%
Spain 33663 Totana
0%
Russia 8647 Totma
0%
Suriname 2150 Totness
0%
Nicaragua 11927 Totogalpa
0%
Mexico 10790 Totolapan
0%
Guatemala 118960 Totonicapán
0%
Colombia 17611 Totoró
0%
Mexico 23171 Tototlán
0%
United States 10919 Totowa
0%
United Kingdom 15159 Totteridge
0%
United Kingdom 9783 Tottington
0%
India 18061 Tottiyam
0%
Japan 187323 Tottori
0%
Mexico 17428 Totutla
0%
Morocco 11815 Toualet
0%
Morocco 11401 Touama
0%
Mali 14239 Toubakoro
0%
Cameroon 23196 Touboro
0%
Taiwan 28334 Toucheng
0%
Algeria 9827 Toudja
0%
Taiwan 106310 Toufen
0%
Burkina Faso 26347 Tougan
0%
Algeria 143270 Touggourt
0%
Mali 8579 Tougouni
0%
Guinea 25531 Tougué
0%
Benin 15634 Toui
0%
Mali 12793 Toukoroba
0%
Mali 10020 Toukoto
0%
Benin 39779 Toukountouna
0%
Morocco 13852 Toulal
0%
Côte d’Ivoire 39005 Toumodi
0%
Côte d’Ivoire 34200 Toumoukro
0%
Mali 20238 Touna
0%
Morocco 10177 Toundout
0%
Niger 9530 Tounfafi
0%
Morocco 13424 Tounfit
0%
Benin 13110 Toura
0%
France 16040 Tourlaville
0%
Peru 511 Tournavista
0%
France 29724 Tournefeuille
0%
France 11302 Tournon-sur-Rhône
0%
Brazil 33035 Touros
0%
Mali 11412 Tourougoumbé
0%
Morocco 10007 Tourza
0%
Taiwan 9835 Touwu
0%
India 8961 Tovāla
0%
Benin 88611 Toviklin
0%
Azerbaijan 13520 Tovuz
0%
Japan 60063 Towada
0%
United States 17980 Towamencin
0%
United Kingdom 9252 Towcester
0%
United States 86544 Town 'n' Country
0%
United States 9052 Townsend
0%
United States 57683 Towson
0%
Uzbekistan 13700 Toyloq Qishlog’i
0%
Japan 69389 Toyoake
0%
Japan 77897 Toyomamachi-teraike
0%
Japan 18011 Toyono
0%
Japan 77005 Toyooka
0%
Japan 15630 Toyoyama
0%
Tunisia 41370 Tozeur
0%
Italy 10561 Trabia
0%
Brazil 28595 Tracuateua
0%
Brazil 13867 Tracunhaém
0%
Italy 18835 Tradate
0%
Chile 17164 Traiguén
0%
Canada 12863 Trail
0%
Brazil 27826 Traipu
0%
Brazil 58415 Trairi
0%
Austria 18858 Traiskirchen
0%
Brazil 10302 Trajano de Morais
0%
Lithuania 5912 Trakai
0%
Ireland 26079 Tralee
0%
Brazil 52632 Tramandaí
0%
Ireland 11277 Tramore
0%
Sweden 14197 Tranås
0%
Argentina 3391 Trancas
0%
Portugal 9878 Trancoso
0%
United Kingdom 12140 Tranent
0%
Thailand 59894 Trang
0%
Italy 54941 Trani
0%
Madagascar 11000 Tranomaro
0%
Madagascar 18000 Tranoroa
0%
Madagascar 13000 Tranovaho
0%
India 23191 Tranquebar
0%
Uruguay 7235 Tranqueras
0%
France 34276 Trappes
0%
Australia 24933 Traralgon
0%
Bhutan 3037 Trashigang
0%
Bhutan 2735 Trashi Yangtse
0%
Thailand 10413 Trat
0%
Germany 21021 Traunreut
0%
Italy 13753 Travagliato
0%
Italy 9559 Traversetolo
0%
United States 11128 Travilah
0%
Vietnam 160310 Trà Vinh
0%
United States 9894 Travis Ranch
0%
Bosnia and Herzegovina 53482 Travnik
0%
Slovenia 13822 Trbovlje
0%
Italy 12936 Trebaseleghe
0%
Germany 9964 Trebbin
0%
Czechia 34797 Třebíč
0%
Bosnia and Herzegovina 31433 Trebinje
0%
Italy 8577 Trebisacce
0%
Slovakia 22890 Trebišov
0%
Slovenia 3927 Trebnje
0%
Germany 13162 Trebur
0%
Italy 11265 Trecastagni
0%
Italy 20510 Trecate
0%
Philippines 210503 Trece Martires City
0%
United Kingdom 14740 Tredegar
0%
United States 31822 Tredyffrin
0%
Italy 9013 Treia
0%
France 10414 Treillières
0%
Uruguay 25477 Treinta y Tres
0%
Russia 30800 Trëkhgornyy
0%
France 15620 Trélazé
0%
Argentina 97915 Trelew
0%
Sweden 43359 Trelleborg
0%
Brazil 16296 Tremedal
0%
Belgium 14842 Tremelo
0%
Brazil 47714 Tremembé
0%
United States 10886 Tremonton
0%
Argentina 46019 Trenque Lauquen
0%
United Kingdom 11836 Trentham
0%
Canada 12900 Trent Hills
0%
Italy 20331 Trentola
0%
Italy 14099 Trepuzzi
0%
Argentina 62835 Tres Arroyos
0%
Brazil 19746 Três Barras
0%
Brazil 10962 Três Cachoeiras
0%
Brazil 75485 Três Corações
0%
Italy 9788 Trescore Balneario
0%
Brazil 24425 Três Coroas
0%
Brazil 24916 Três de Maio
0%
Paraguay 17928 Tres de Mayo
0%
Argentina 24747 Tres Isletas
0%
Brazil 123281 Três Lagoas
0%
Brazil 28895 Três Marias
0%
Brazil 25436 Três Passos
0%
Brazil 51024 Três Pontas
0%
Costa Rica 9331 Tres Ríos
0%
Brazil 78346 Três Rios
0%
Mexico 44978 Tres Valles
0%
France 10933 Trets
0%
Germany 13181 Treuchtlingen
0%
Mayotte 32156 Trévani
0%
Italy 30683 Treviglio
0%
Italy 10693 Trevignano
0%
Brazil 8787 Treze Tílias
0%
Italy 21474 Trezzano sul Naviglio
0%
Italy 11951 Trezzo sull’Adda
0%
Serbia 5000 Trgovište
0%
United States 11265 Triangle
0%
Italy 17142 Tricase
0%
India 916857 Trichinopoly
0%
India 315596 Trichūr
0%
France 12386 Triel-sur-Seine
0%
Liechtenstein 2643 Triesenberg
0%
Italy 25847 Triggiano
0%
India 41201 Trikarpūr North
0%
India 26790 Trikkunnapuzha
0%
India 25015 Trikodi
0%
India 61287 Trikonavattam
0%
India 12056 Trimbak
0%
Sri Lanka 99135 Trincomalee
0%
Brazil 142431 Trindade
0%
Brazil 30321 Trindade
0%
Sao Tome and Principe 16140 Trindade
0%
Czechia 34266 Třinec
0%
United Kingdom 12099 Tring
0%
Italy 13844 Trinitapoli
0%
Mauritius 18772 Triolet
0%
India 29911 Triprangōttūr
0%
India 69390 Tripunittura
0%
India 10392 Tripurāntakam
0%
India 15731 Trisshilēri
0%
Italy 8619 Trissino
0%
Germany 9167 Trittau
0%
Italy 8672 Triuggio
0%
Brazil 27498 Triunfo
0%
Brazil 14705 Triunfo
0%
Vietnam 183385 Trảng Bàng
0%
Slovenia 369 Trnovska Vas
0%
Portugal 38999 Trofa
0%
Austria 11125 Trofaiach
0%
Italy 10578 Trofarello
0%
Russia 10 Trofimovsk
0%
Croatia 12393 Trogir
0%
Italy 8550 Troina
0%
Germany 76503 Troisdorf
0%
Russia 69983 Troitsk
0%
Sweden 59210 Trollhättan
0%
Norway 16787 Tromsdalen
0%
Bhutan 2695 Trongsa
0%
United Kingdom 14710 Troon
0%
United States 13454 Trophy Club
0%
Germany 17744 Trossingen
0%
Germany 11463 Trostberg an der Alz
0%
Ukraine 19544 Trostyanets’
0%
Haiti 37405 Trou du Nord
0%
India 9507 Trovagunta
0%
United Kingdom 33108 Trowbridge
0%
Serbia 17180 Trstenik
0%
Russia 13287 Trubchevsk
0%
United States 16942 Truckee
0%
Puerto Rico 43752 Trujillo Alto
0%
United States 10137 Trumbull Center
0%
Moldova 10380 Truşeni
0%
Ukraine 28287 Truskavets
0%
Czechia 29584 Trutnov
0%
Poland 16831 Trzcianka
0%
Poland 9591 Trzebiatów
0%
Poland 19134 Trzebinia
0%
Poland 13631 Trzebnica
0%
Slovenia 3670 Tržič
0%
Slovenia 3925 Trzin
0%
Algeria 14895 Tsabit
0%
India 8537 Tsallagundla
0%
Madagascar 20000 Tsarabaria
0%
Madagascar 14000 Tsarahasina
0%
Madagascar 17000 Tsarahonenana
0%
Madagascar 9747 Tsaramasoandro
0%
Madagascar 20000 Tsararafa
0%
Madagascar 11000 Tsararano
0%
Madagascar 10000 Tsararano
0%
Madagascar 17024 Tsararivotra
0%
Madagascar 21000 Tsarasaotra
0%
Madagascar 24971 Tsaratanana
0%
Madagascar 23252 Tsaratanana
0%
Madagascar 9000 Tsaratanana
0%
Madagascar 27000 Tsaravary
0%
Madagascar 26000 Tsarazaza
0%
Botswana 1409 Tsau
0%
Kenya 414 Tsavo
0%
Canada 23940 Tsawwassen
0%
Mongolia 21620 Tsetserleg
0%
Togo 55775 Tsévié
0%
Botswana 8939 Tshabong
0%
Congo (Kinshasa) 38845 Tshela
0%
Congo (Kinshasa) 1006387 Tshikapa
0%
Congo (Kinshasa) 84651 Tshilenge
0%
Madagascar 21000 Tsiamalao
0%
Madagascar 18000 Tsianisiha
0%
Madagascar 15000 Tsiatajavona-Ankaratra
0%
Madagascar 13000 Tsiately
0%
Madagascar 24000 Tsiatosika
0%
Madagascar 9000 Tsimafana
0%
Bhutan 3000 Tsimasham
0%
Russia 14731 Tsimlyansk
0%
Mayotte 13934 Tsingoni
0%
Hong Kong 191500 Tsing Yi Town
0%
Madagascar 16000 Tsiningia
0%
Madagascar 28108 Tsinjoarivo
0%
Madagascar 27934 Tsinjoarivo
0%
Madagascar 11000 Tsinjomitondraka
0%
Bhutan 5000 Tsirang
0%
Madagascar 44461 Tsiroanomandidy
0%
Madagascar 30000 Tsitondroina
0%
Russia 12762 Tsivilsk
0%
Madagascar 18694 Tsivory
0%
India 8727 Tsrār Sharīf
0%
Japan 36728 Tsubata
0%
Japan 16834 Tsuiki
0%
Japan 14306 Tsukawaki
0%
Japan 246647 Tsukuba-kenkyūgakuen-toshi
0%
Japan 51134 Tsukubamirai
0%
Japan 15664 Tsukumiura
0%
Namibia 34960 Tsumeb
0%
India 16779 Tsundupalle
0%
Japan 9972 Tsunō
0%
Japan 70067 Tsurugashima
0%
Japan 30760 Tsuruno
0%
Japan 12211 Tsuruta
0%
Indonesia 82955 Tual
0%
United States 27710 Tualatin
0%
Ireland 9647 Tuam
0%
Philippines 63970 Tuao
0%
Russia 1392 Tuapse
0%
Philippines 48312 Tuba
0%
Indonesia 87947 Tuban
0%
Philippines 31763 Tubao
0%
Colombia 10602 Tubará
0%
Philippines 16896 Tubaran
0%
Brazil 110088 Tubarão
0%
Philippines 25785 Tubay
0%
Netherlands 21315 Tubbergen
0%
Belgium 25914 Tubize
0%
Philippines 19429 Tublay
0%
Liberia 13114 Tubmanburg
0%
Philippines 50073 Tubod
0%
Philippines 15043 Tubod
0%
Philippines 23021 Tubungan
0%
Philippines 68167 Tuburan
0%
Philippines 24742 Tuburan
0%
Venezuela 13901 Tucacas
0%
Brazil 48736 Tucano
0%
Chile 13427 Tucapel
0%
Colombia 41345 Tuchín
0%
Poland 13408 Tuchola
0%
United States 48610 Tuckahoe
0%
United States 12687 Tucson Estates
0%
United States 11428 Tucson Mountains
0%
Brazil 39550 Tucumã
0%
Venezuela 86487 Tucupita
0%
Philippines 42429 Tucuran
0%
Guatemala 50971 Tucurú
0%
Brazil 91306 Tucuruí
0%
Spain 38685 Tudela
0%
Philippines 28599 Tudela
0%
Philippines 11304 Tudela
0%
Spain 8648 Tudela de Duero
0%
India 27725 Tudiyalūr
0%
India 36774 Tuensang
0%
Turkey 16400 Tufanbeyli
0%
India 20998 Tufānganj
0%
Philippines 23296 Tugatog
0%
Philippines 24778 Tugaya
0%
Philippines 166334 Tuguegarao
0%
Spain 16454 Tuineje
0%
Afghanistan 10000 Tujg
0%
Russia 10 Tukchi
0%
Egypt 627290 Ţūkh
0%
Libya 23164 Tūkrah
0%
Philippines 11614 Tuktukan
0%
Taiwan 27662 Tuku
0%
Latvia 16318 Tukums
0%
Tanzania 50000 Tukuyu
0%
United States 21479 Tukwila
0%
Mexico 103919 Tula de Allende
0%
Solomon Islands 1251 Tulagi
0%
Mexico 151582 Tulancingo
0%
South Africa 8969 Tulbagh
0%
Ecuador 56719 Tulcán
0%
Ukraine 13896 Tulchyn
0%
India 9844 Tūlin
0%
India 31714 Tuljāpur
0%
West Bank 64532 Ţūlkarm
0%
United States 20672 Tullahoma
0%
Ireland 14607 Tullamore
0%
France 13602 Tulle
0%
Sweden 16000 Tullinge
0%
India 8902 Tullukuttināyakkanūr
0%
India 10523 Tulshia
0%
Nepal 51537 Tulsīpur
0%
India 24488 Tulsīpur
0%
Mexico 131567 Tultepec
0%
Mexico 520557 Tultitlán de Mariano Escobedo
0%
Colombia 219138 Tuluá
0%
Mexico 33374 Tulum
0%
Russia 38440 Tulun
0%
Philippines 60978 Tulunan
0%
Colombia 212692 Tumaco
0%
Philippines 70743 Tumauini
0%
Sweden 37852 Tumba
0%
Philippines 25439 Tumbao
0%
India 8657 Tumberi
0%
Peru 96946 Tumbes
0%
India 13883 Tumbippādi
0%
Australia 1511 Tumby Bay
0%
India 20000 Tuminkatti
0%
India 599078 Tumkūr
0%
India 8889 Tummalacheruvu
0%
India 8889 Tummalacheruvu
0%
India 18164 Tummalapenta
0%
India 13708 Tummalapenta
0%
India 13275 Tummanatti
0%
India 31035 Tummapāla
0%
Malaysia 183100 Tumpat
0%
Australia 6230 Tumut
0%
Trinidad and Tobago 26829 Tunapuna
0%
Romania 9112 Tunari
0%
Philippines 61374 Tunasan
0%
Turkey 35161 Tunceli
0%
China 86474 Tuncheng
0%
India 11985 Tundhul
0%
India 50423 Tūndla
0%
Tanzania 36556 Tunduma
0%
Tanzania 48000 Tunduru
0%
India 21780 Tūnēri
0%
India 9700 Tungāvi
0%
Bangladesh 350000 Tungi
0%
Indonesia 48740 Tunglangan
0%
Hong Kong 15562 Tung Tau Tsuen
0%
Russia 10 Tunguskhaya
0%
Colombia 163894 Tunja
0%
Brazil 36251 Tuntum
0%
Argentina 49132 Tunuyán
0%
China 37179 Tunzi
0%
China 49218 Tuodian
0%
Brazil 63928 Tupã
0%
Brazil 25470 Tupaciguara
0%
Brazil 20801 Tupanatinga
0%
Brazil 20005 Tupanciretã
0%
Philippines 73459 Tupi
0%
Brazil 15854 Tupi Paulista
0%
Bolivia 23100 Tupiza
0%
India 14401 Tūprān
0%
Colombia 41205 Túquerres
0%
India 32439 Turaiyūr
0%
New Zealand 3320 Turangi
0%
Saudi Arabia 91713 Ţurayf
0%
Colombia 115000 Turbaco
0%
Colombia 72168 Turbaná
0%
Pakistan 268625 Turbat
0%
India 13034 Turbihāl
0%
Colombia 181000 Turbo
0%
Romania 43319 Turda
0%
Poland 24788 Turek
0%
South Africa 15887 Turffontein
0%
Turkey 16219 Turgutalp
0%
Turkey 175401 Turgutlu
0%
Turkey 62030 Turhal
0%
India 15455 Turhāpatti
0%
Brazil 37491 Turiaçu
0%
Mexico 31877 Turicato
0%
Russia 16594 Turinsk
0%
India 15689 Turkaguda
0%
Azerbaijan 10108 Türkan
0%
India 32986 Turkauliyā
0%
India 12532 Turki
0%
India 12191 Turki
0%
Kazakhstan 250000 Türkistan
0%
Turkmenistan 91745 Türkmenbaşy
0%
Turkey 78976 Türkoğlu
0%
Brazil 20125 Turmalina
0%
Syria 10394 Turmānīn
0%
Venezuela 51235 Turmero
0%
Belgium 44136 Turnhout
0%
Slovenia 1506 Turnišče
0%
Czechia 14502 Turnov
0%
India 15000 Turori
0%
China 622903 Turpan
0%
Costa Rica 26680 Turrialba
0%
Tajikistan 298800 Tursunzoda
0%
Uzbekistan 50800 Tŭrtkŭl
0%
Russia 212 Turukhansk
0%
Brazil 15412 Tururu
0%
India 24823 Turuttikkara
0%
India 14009 Turuttiyad
0%
India 13809 Turuvanūr
0%
India 17530 Turuvekere
0%
Brazil 14231 Turvo
0%
Brazil 13043 Turvo
0%
United States 9084 Tuscumbia
0%
Colombia 9673 Tuta
0%
Russia 39837 Tutayev
0%
India 500000 Tuticorin
0%
Serbia 33053 Tutin
0%
Brazil 53356 Tutóia
0%
Brunei 9883 Tutong
0%
Germany 37784 Tuttlingen
0%
Germany 9960 Tutzing
0%
India 38887 Tuvāgudi
0%
India 26795 Tūvūr
0%
Mexico 84750 Túxpam de Rodríguez Cano
0%
Mexico 37518 Tuxpan
0%
Mexico 27371 Tuxpan
0%
Mexico 26115 Tuxpan
0%
Mexico 162511 Tuxtepec
0%
Vietnam 104645 Tuyên Quang
0%
Vietnam 242840 Tuy Hòa
0%
Russia 68349 Tuymazy
0%
Iran 50455 Tūyserkān
0%
Uzbekistan 70000 Tŭytepa
0%
Kazakhstan 12577 Tuzdybastaū
0%
Montenegro 4748 Tuzi
0%
Iraq 119000 Ţūz Khūrmātū
0%
Turkey 9619 Tuzluca
0%
Faroe Islands 1700 Tvøroyri
0%
Slovakia 8952 Tvrdošín
0%
United Kingdom 62148 Twickenham
0%
United States 19346 Twinsburg
0%
Germany 12952 Twistringen
0%
India 17995 Tyāgadurgam
0%
India 10805 Tyāmagondal
0%
Mali 18696 Tyèlè
0%
United Kingdom 16142 Tyldesley
0%
Greece 9957 Tympáki
0%
Netherlands 34592 Tynaarlo
0%
Russia 28160 Tynda
0%
United Kingdom 68202 Tynemouth
0%
United States 12424 Tyngsborough
0%
Greece 222280 Týrnavos
0%
Russia 17000 Tyrnyauz
0%
Ukraine 8958 Tysmenytsia
0%
United States 28022 Tysons
0%
Norway 11405 Tysvær
0%
Russia 9732 Tyukalinsk
0%
South Africa 14571 Tzaneen
0%
Mexico 12259 Tzintzuntzán
0%
Mexico 8966 Tzitzio
0%
Mexico 9967 Tzucacab
0%
No matching quizzes found
Score Distribution
Percent of People with Each Score
Percentile by Number Answered
Your Score History
You have not taken this quiz